{"text_format":"3","workbook":"xls","n_sheets":2,"sheets":["Orçamento Sintético","QCI"],"not_rendered":{"external_links":4,"defined_names":4,"comments":1},"read":"whole","date_system":"1900","formulas":"cached_only"}

{"sheet":"Orçamento Sintético","index":0,"n_rows":186,"n_cols":33,"rows_kept":186,"merged":[[0,0,1,9],[0,10,0,12],[0,13,0,15],[0,16,0,18],[0,19,0,21],[0,22,0,24],[0,25,0,26],[0,28,0,30],[1,10,1,12],[1,13,1,15],[1,16,1,18],[1,19,1,21],[1,22,1,24],[1,25,1,26],[1,28,1,30],[2,0,3,9],[2,10,2,12],[2,13,2,15],[2,16,2,18],[2,19,2,21],[2,22,2,24],[2,25,2,26],[2,28,2,30],[3,10,3,12],[3,13,3,15],[3,16,3,18],[3,19,3,21],[3,22,3,24],[3,25,3,26],[3,28,3,30],[4,1,4,6],[4,7,4,8],[4,9,5,9],[4,10,4,12],[4,13,4,15],[4,16,4,18],[4,19,4,21],[4,22,4,24],[4,25,4,26],[4,28,4,30],[5,1,5,6],[5,7,7,8],[5,10,5,12],[5,13,5,15],[5,16,5,18],[5,19,5,21],[5,22,5,24],[5,25,5,26],[5,28,5,30],[6,1,6,6],[6,9,7,9],[6,10,6,12],[6,13,6,15],[6,16,6,18],[6,19,6,21],[6,22,6,24],[6,25,6,26],[6,28,6,30],[7,1,7,6],[7,10,7,12],[7,13,7,15],[7,16,7,18],[7,19,7,21],[7,22,7,24],[7,25,7,26],[7,28,7,30],[8,0,9,30],[10,0,10,9],[10,10,10,12],[10,13,10,15],[10,16,10,18],[10,19,10,21],[10,22,10,24],[10,25,10,27],[10,28,10,30],[174,0,174,2],[174,5,174,6],[174,7,174,9],[175,0,175,7],[176,0,176,7],[179,0,179,9],[182,7,182,8],[183,0,183,26],[183,27,183,29],[184,27,184,29],[185,27,185,29]],"flags":["formulas_cached_only"]}
["ESTADO DE MATO GROSSO",{"$nulls":9},"PERÍODO DA MEDIÇÃO",null,null,"PERÍODO DA MEDIÇÃO",null,null,"PERÍODO DA MEDIÇÃO",null,null,"PERÍODO DA MEDIÇÃO",null,null,"PERÍODO DA MEDIÇÃO",null,null,"1° MEDIÇÃO ",null,{"v":16955.739999999998,"d":"R$16,955.74"},"PERÍODO DA MEDIÇÃO "]
[{"$nulls":10},"27/02/2025 a 11/04/2025",null,null,"11/04/2025 a 30/05/2025",null,null,"30/05/2025 a 27/06/2025",null,null,"27/06/2025 a 15/07/2025",null,null,"15/07/2025 a 28/07/2025",null,null,"2° MEDIÇÃO ",null,{"v":17580.1,"d":"R$17,580.10"},"15/07/2025 a 28/07/2025"]
["PREFEITURA MUNICIPAL DE SÃO JOSÉ DOS QUATRO MARCOS",{"$nulls":9},"VALOR DA MEDIÇÃO ",null,null,"VALOR DA MEDIÇÃO ",null,null,"VALOR DA MEDIÇÃO ",null,null,"VALOR DA MEDIÇÃO ",null,null,"VALOR DA MEDIÇÃO ",null,null,"3° MEDIÇÃO ",null,{"v":18557.809999999998,"d":"R$18,557.81"},"VALOR DO CONTRATO "]
[{"$nulls":10},{"v":16955.739999999998,"d":"R$16,955.74"},null,null,{"v":17580.1,"d":"R$17,580.10"},null,null,{"v":18557.809999999998,"d":"R$18,557.81"},null,null,{"v":9176.169999999998,"d":"R$9,176.17"},null,null,{"v":26749.659999999996,"d":"R$26,749.66"},null,null,"4° MEDIÇÃO ",null,{"v":9176.169999999998,"d":"R$9,176.17"},{"v":203620.21999999997,"d":"R$203,620.22"}]
["OBRA:","CONSTRUÇÃO DA BIBLIOTECA MUNICIPAL",{"$nulls":5},"TABELA DE REFERENCIA",null,"BDI NÃO DESON","VALOR ACUMULADO ANTERIOR ",null,null,"VALOR ACUMULADO ANTERIOR ",null,null,"VALOR ACUMULADO ANTERIOR ",null,null,"VALOR ACUMULADO ANTERIOR ",null,null,"VALOR ACUMULADO ANTERIOR ",null,null,"5° MEDIÇÃO ",null,{"v":26749.659999999996,"d":"R$26,749.66"},"VALOR ACUMULADO"]
["LOCAL:","JARDIM SANTA ROSA",{"$nulls":5},"SINAPI 01/2024",{"$nulls":17},"6° MEDIÇÃO ",null,null,{"v":89019.47999999998,"d":"R$89,019.48"}]
["PROPR.:","PREFEITURA MUNICIPAL DE SÃO JOSÉ DOS QUATRO MARCOS",{"$nulls":7},{"v":0.2496,"d":"24.96%"},"VALOR ACUMULADO",null,null,"VALOR ACUMULADO",null,null,"VALOR ACUMULADO",null,null,"VALOR ACUMULADO",null,null,"VALOR ACUMULADO",null,null,"7° MEDIÇÃO ",null,null,"SALDO DE CONVÊNIO "]
["ÁREA (m²):",{"v":288.2,"d":"288.20"},{"$nulls":8},{"v":16955.739999999998,"d":"R$ 16,955.74"},null,null,{"v":17580.1,"d":"R$ 17,580.10"},null,null,{"v":18557.809999999998,"d":"R$ 18,557.81"},null,null,{"v":9176.169999999998,"d":"R$ 9,176.17"},null,null,{"v":26749.659999999996,"d":"R$ 26,749.66"},null,null,"8° MEDIÇÃO ",null,null,{"v":114600.73999999999,"d":"R$ 114,600.74"}]
["PLANILHA ORÇAMENTÁRIA"]
[]
[{"$nulls":10},"1°MEDIÇÃO",null,null,"2°MEDIÇÃO",null,null,"3°MEDIÇÃO",null,null,"4°MEDIÇÃO",null,null,"5°MEDIÇÃO",null,null,"RESUMO DE MEDIÇÃO",null,null,"SALDO DE MEDIÇÃO"]
["Item","Código","Banco","Descrição","Und","Quant.","Valor Unit","Valor Unit com BDI","Total","Peso (%)","QUANT","(%)","PREÇO TOTAL","QUANT","(%)","PREÇO TOTAL","QUANT","(%)","PREÇO TOTAL","QUANT","(%)","PREÇO TOTAL","QUANT","(%)","PREÇO TOTAL","QUANT","(%)","PREÇO TOTAL","QUANT","(%)","PREÇO TOTAL"]
[" 1 ","  ",null,"SERVIÇOS PRELIMINARES",null,null,"",null,0,{"v":0,"d":"0.00 %"},null,null,{"v":0,"d":"0.00"},null,null,{"v":0,"d":"0.00"},null,null,{"v":0,"d":"0.00"},null,null,{"v":0,"d":"0.00"},null,null,{"v":0,"d":"0.00"},null,null,0,null,null,{"v":0,"d":"0.00"}]
[" 1.1 "," COMP 01 SJ4M ","Próprio","PLACA DE OBRA EM CHAPA DE ACO GALVANIZADO","M²",0,301.33,{"v":376.54,"d":"R$ 376.54"},0,{"v":0,"d":"0.00 %"},null,{"v":0,"d":"0%"},0,null,{"v":0,"d":"0%"},0,null,{"v":0,"d":"0%"},0,null,{"v":0,"d":"0%"},0,null,{"v":0,"d":"0%"},0,0,{"v":0,"d":"0%"},0,0,{"v":0,"d":"0%"},0]
[" 1.2 "," 99059 ","SINAPI","LOCACAO CONVENCIONAL DE OBRA, UTILIZANDO GABARITO DE TÁBUAS CORRIDAS PONTALETADAS A CADA 2,00M -  2 UTILIZAÇÕES. AF_10/2018","M",0,42.94,{"v":53.65,"d":"R$ 53.65"},0,{"v":0,"d":"0.00 %"},null,{"v":0,"d":"0%"},0,null,{"v":0,"d":"0%"},0,null,{"v":0,"d":"0%"},0,null,{"v":0,"d":"0%"},0,null,{"v":0,"d":"0%"},0,0,{"v":0,"d":"0%"},0,0,{"v":0,"d":"0%"},0]
[" 2 ","  ",null,"ADMINISTRAÇÃO LOCAL",null,null,"",null,{"v":5046,"d":"R$ 5,046.00"},{"v":0.024781428877741124,"d":"2.48 %"},null,null,418.71,null,null,429.44,null,null,429.44,null,null,214.72,null,null,644.17,null,null,{"v":2136.48,"d":"R$ 2,136.48"},null,null,{"v":2909.52,"d":"R$ 2,909.52"}]
[" 2.1 "," COMP 02 SJ4M ","Próprio","ADMINISTRAÇÃO LOCAL DE OBRA","UN",0.47,{"v":8591.7,"d":"8,591.70"},{"v":10736.18,"d":"R$ 10,736.18"},{"v":5046,"d":"R$ 5,046.00"},{"v":0.02478142887774112,"d":"2.48 %"},0.039,{"v":0.08297859690844232,"d":"8.30%"},{"v":418.71,"d":"R$ 418.71"},0.04,{"v":0.08510503369005153,"d":"8.51%"},{"v":429.44,"d":"R$ 429.44"},0.04,{"v":0.08510503369005153,"d":"8.51%"},{"v":429.44,"d":"R$ 429.44"},0.02,{"v":0.04255251684502576,"d":"4.26%"},{"v":214.72,"d":"R$ 214.72"},0.06,{"v":0.1276595323028141,"d":"12.77%"},{"v":644.17,"d":"R$ 644.17"},0.19899999999999998,{"v":0.42340071343638525,"d":"42.34%"},2136.48,{"v":0.271,"d":"0.27"},{"v":0.5765992865636147,"d":"57.66%"},{"v":2909.52,"d":"R$ 2,909.52"}]
[" 3 ","  ",null,"ESTRUTURAL",null,null,"",null,{"v":1108.48,"d":"R$ 1,108.48"},{"$nulls":3},0,null,null,{"v":1108.48,"d":"R$ 1,108.48"},null,null,0,null,null,0,null,null,0,null,null,{"v":1108.48,"d":"R$ 1,108.48"},null,null,0]
[" 3.1 ","  ",null,"INFRAESTRUTURA - COTA 0 A 120CM",null,null,"",null,0,{"v":0,"d":"0.00 %"},null,null,{"v":0,"d":"0.00"},null,null,{"v":0,"d":"0.00"},null,null,{"v":0,"d":"0.00"},null,null,{"v":0,"d":"0.00"},null,null,{"v":0,"d":"0.00"},null,null,0,null,null,0]
[" 3.1.1 "," 96523 ","SINAPI","ESCAVAÇÃO MANUAL PARA BLOCO DE COROAMENTO OU SAPATA (INCLUINDO ESCAVAÇÃO PARA COLOCAÇÃO DE FÔRMAS). AF_01/2024","m³",0,65.27,{"v":81.56,"d":"R$ 81.56"},0,{"v":0,"d":"0.00 %"},null,{"v":0,"d":"0%"},0,null,{"v":0,"d":"0%"},0,null,{"v":0,"d":"0%"},0,null,{"v":0,"d":"0%"},0,null,{"v":0,"d":"0%"},0,0,{"v":0,"d":"0%"},0,0,{"v":0,"d":"0%"},0]
[" 3.1.2 "," 96619 ","SINAPI","LASTRO DE CONCRETO MAGRO, APLICADO EM BLOCOS DE COROAMENTO OU SAPATAS, ESPESSURA DE 5 CM. AF_01/2024","m²",0,33.56,{"v":41.93,"d":"R$ 41.93"},0,{"v":0,"d":"0.00 %"},null,{"v":0,"d":"0%"},0,null,{"v":0,"d":"0%"},0,null,{"v":0,"d":"0%"},0,null,{"v":0,"d":"0%"},0,null,{"v":0,"d":"0%"},0,0,{"v":0,"d":"0%"},0,0,{"v":0,"d":"0%"},0]
[" 3.1.3 "," 96532 ","SINAPI","FABRICAÇÃO, MONTAGEM E DESMONTAGEM DE FÔRMA PARA SAPATA, EM MADEIRA SERRADA, E=25 MM, 2 UTILIZAÇÕES. AF_01/2024","m²",0,138.62,{"v":173.21,"d":"R$ 173.21"},0,{"v":0,"d":"0.00 %"},null,{"v":0,"d":"0%"},0,null,{"v":0,"d":"0%"},0,null,{"v":0,"d":"0%"},0,null,{"v":0,"d":"0%"},0,null,{"v":0,"d":"0%"},0,0,{"v":0,"d":"0%"},0,0,{"v":0,"d":"0%"},0]
[" 3.1.4 "," 96536 ","SINAPI","FABRICAÇÃO, MONTAGEM E DESMONTAGEM DE FÔRMA PARA VIGA BALDRAME, EM MADEIRA SERRADA, E=25 MM, 4 UTILIZAÇÕES. AF_01/2024","m²",0,54.97,{"v":68.69,"d":"R$ 68.69"},0,{"v":0,"d":"0.00 %"},null,{"v":0,"d":"0%"},0,null,{"v":0,"d":"0%"},0,null,{"v":0,"d":"0%"},0,null,{"v":0,"d":"0%"},0,null,{"v":0,"d":"0%"},0,0,{"v":0,"d":"0%"},0,0,{"v":0,"d":"0%"},0]
[" 3.1.5 "," 94964 ","SINAPI","CONCRETO FCK = 20MPA, TRAÇO 1:2,7:3 (EM MASSA SECA DE CIMENTO/ AREIA MÉDIA/ BRITA 1) - PREPARO MECÂNICO COM BETONEIRA 400 L. AF_05/2021","m³",0,442.36,{"v":552.77,"d":"R$ 552.77"},0,{"v":0,"d":"0.00 %"},null,{"v":0,"d":"0%"},0,null,{"v":0,"d":"0%"},0,null,{"v":0,"d":"0%"},0,null,{"v":0,"d":"0%"},0,null,{"v":0,"d":"0%"},0,0,{"v":0,"d":"0%"},0,0,{"v":0,"d":"0%"},0]
[" 3.1.6 "," 94965 ","SINAPI","CONCRETO FCK = 25MPA, TRAÇO 1:2,3:2,7 (EM MASSA SECA DE CIMENTO/ AREIA MÉDIA/ BRITA 1) - PREPARO MECÂNICO COM BETONEIRA 400 L. AF_05/2021","m³",0,461.17,{"v":576.27,"d":"R$ 576.27"},0,{"v":0,"d":"0.00 %"},null,{"v":0,"d":"0%"},0,null,{"v":0,"d":"0%"},0,null,{"v":0,"d":"0%"},0,null,{"v":0,"d":"0%"},0,null,{"v":0,"d":"0%"},0,0,{"v":0,"d":"0%"},0,0,{"v":0,"d":"0%"},0]
[" 3.1.7 "," COMP CA 01 SJ4M ","Próprio","LANCAMENTO/APLICACAO MANUAL DE CONCRETO EM FUNDACOES","m³",0,{"v":99.2,"d":"99.20"},{"v":123.96,"d":"R$ 123.96"},0,{"v":0,"d":"0.00 %"},null,{"v":0,"d":"0%"},0,null,{"v":0,"d":"0%"},0,null,{"v":0,"d":"0%"},0,null,{"v":0,"d":"0%"},0,null,{"v":0,"d":"0%"},0,0,{"v":0,"d":"0%"},0,0,{"v":0,"d":"0%"},0]
[" 3.1.8 "," 96545 ","SINAPI","ARMAÇÃO DE BLOCO UTILIZANDO AÇO CA-50 DE 8 MM - MONTAGEM. AF_01/2024","KG",0,13.67,{"v":17.08,"d":"R$ 17.08"},0,{"v":0,"d":"0.00 %"},null,{"v":0,"d":"0%"},0,null,{"v":0,"d":"0%"},0,null,{"v":0,"d":"0%"},0,null,{"v":0,"d":"0%"},0,null,{"v":0,"d":"0%"},0,0,{"v":0,"d":"0%"},0,0,{"v":0,"d":"0%"},0]
[" 3.1.9 "," 96546 ","SINAPI","ARMAÇÃO DE BLOCO UTILIZANDO AÇO CA-50 DE 10 MM - MONTAGEM. AF_01/2024","KG",0,12.12,{"v":15.14,"d":"R$ 15.14"},0,{"v":0,"d":"0.00 %"},null,{"v":0,"d":"0%"},0,null,{"v":0,"d":"0%"},0,null,{"v":0,"d":"0%"},0,null,{"v":0,"d":"0%"},0,null,{"v":0,"d":"0%"},0,0,{"v":0,"d":"0%"},0,0,{"v":0,"d":"0%"},0]
[" 3.1.10 "," 96547 ","SINAPI","ARMAÇÃO DE BLOCO, VIGA BALDRAME OU SAPATA UTILIZANDO AÇO CA-50 DE 12,5 MM - MONTAGEM. AF_06/2017","KG",0,9.62,{"v":12.02,"d":"R$ 12.02"},0,{"v":0,"d":"0.00 %"},null,{"v":0,"d":"0%"},0,null,{"v":0,"d":"0%"},0,null,{"v":0,"d":"0%"},0,null,{"v":0,"d":"0%"},0,null,{"v":0,"d":"0%"},0,0,{"v":0,"d":"0%"},0,0,{"v":0,"d":"0%"},0]
[" 3.1.11 "," 96543 ","SINAPI","ARMAÇÃO DE BLOCO UTILIZANDO AÇO CA-60 DE 5 MM - MONTAGEM. AF_01/2024","KG",0,15.92,{"v":19.89,"d":"R$ 19.89"},0,{"v":0,"d":"0.00 %"},null,{"v":0,"d":"0%"},0,null,{"v":0,"d":"0%"},0,null,{"v":0,"d":"0%"},0,null,{"v":0,"d":"0%"},0,null,{"v":0,"d":"0%"},0,0,{"v":0,"d":"0%"},0,0,{"v":0,"d":"0%"},0]
[" 3.1.12 "," 98557 ","SINAPI","IMPERMEABILIZAÇÃO DE SUPERFÍCIE COM EMULSÃO ASFÁLTICA, 2 DEMÃOS. AF_09/2023","m²",0,36.02,{"v":45.01,"d":"R$ 45.01"},0,{"v":0,"d":"0.00 %"},null,{"v":0,"d":"0%"},0,null,{"v":0,"d":"0%"},0,null,{"v":0,"d":"0%"},0,null,{"v":0,"d":"0%"},0,null,{"v":0,"d":"0%"},0,0,{"v":0,"d":"0%"},0,0,{"v":0,"d":"0%"},0]
[" 3.1.13 "," 93382 ","SINAPI","REATERRO MANUAL DE VALAS, COM COMPACTADOR DE SOLOS DE PERCUSSÃO. AF_08/2023","m³",0,17.61,{"v":22,"d":"R$ 22.00"},0,{"v":0,"d":"0.00 %"},null,{"v":0,"d":"0%"},0,null,{"v":0,"d":"0%"},0,null,{"v":0,"d":"0%"},0,null,{"v":0,"d":"0%"},0,null,{"v":0,"d":"0%"},0,0,{"v":0,"d":"0%"},0,0,{"v":0,"d":"0%"},0]
[" 3.1.14 "," 92412 ","SINAPI","MONTAGEM E DESMONTAGEM DE FÔRMA DE PILARES RETANGULARES E ESTRUTURAS SIMILARES COM ÁREA MÉDIA DAS SEÇÕES MENOR OU IGUAL A 0,25 M², PÉ-DIREITO SIMPLES, EM MADEIRA SERRADA, 4 UTILIZAÇÕES. AF_12/2015","m²",0,87.03,{"v":108.75,"d":"R$ 108.75"},0,{"v":0,"d":"0.00 %"},null,{"v":0,"d":"0%"},0,null,{"v":0,"d":"0%"},0,null,{"v":0,"d":"0%"},0,null,{"v":0,"d":"0%"},0,null,{"v":0,"d":"0%"},0,0,{"v":0,"d":"0%"},0,0,{"v":0,"d":"0%"},0]
[" 3.1.15 "," 92775 ","SINAPI","ARMAÇÃO DE PILAR OU VIGA DE UMA ESTRUTURA CONVENCIONAL DE CONCRETO ARMADO EM UMA EDIFICAÇÃO TÉRREA OU SOBRADO UTILIZANDO AÇO CA-60 DE 5,0 MM - MONTAGEM. AF_12/2015","KG",0,14.83,{"v":18.53,"d":"R$ 18.53"},0,{"v":0,"d":"0.00 %"},null,{"v":0,"d":"0%"},0,null,{"v":0,"d":"0%"},0,null,{"v":0,"d":"0%"},0,null,{"v":0,"d":"0%"},0,null,{"v":0,"d":"0%"},0,0,{"v":0,"d":"0%"},0,0,{"v":0,"d":"0%"},0]
[" 3.1.16 "," 92778 ","SINAPI","ARMAÇÃO DE PILAR OU VIGA DE UMA ESTRUTURA CONVENCIONAL DE CONCRETO ARMADO EM UMA EDIFICAÇÃO TÉRREA OU SOBRADO UTILIZANDO AÇO CA-50 DE 10,0 MM - MONTAGEM. AF_12/2015","KG",0,11.36,{"v":14.19,"d":"R$ 14.19"},0,{"v":0,"d":"0.00 %"},null,{"v":0,"d":"0%"},0,null,{"v":0,"d":"0%"},0,null,{"v":0,"d":"0%"},0,null,{"v":0,"d":"0%"},0,null,{"v":0,"d":"0%"},0,0,{"v":0,"d":"0%"},0,0,{"v":0,"d":"0%"},0]
[" 3.2 ","  ",null,"SUPERESTRUTURA - PILARES DO PAVIMENTO TÉRREO",null,null,"",null,0,{"v":0,"d":"0.00 %"},null,null,{"v":0,"d":"0.00"},null,null,{"v":0,"d":"0.00"},null,null,{"v":0,"d":"0.00"},null,null,{"v":0,"d":"0.00"},null,null,{"v":0,"d":"0.00"},null,null,0,null,null,0]
[" 3.2.1 "," 92412 ","SINAPI","MONTAGEM E DESMONTAGEM DE FÔRMA DE PILARES RETANGULARES E ESTRUTURAS SIMILARES COM ÁREA MÉDIA DAS SEÇÕES MENOR OU IGUAL A 0,25 M², PÉ-DIREITO SIMPLES, EM MADEIRA SERRADA, 4 UTILIZAÇÕES. AF_12/2015","m²",0,87.03,{"v":108.75,"d":"R$ 108.75"},0,{"v":0,"d":"0.00 %"},null,{"v":0,"d":"0%"},0,null,{"v":0,"d":"0%"},0,null,{"v":0,"d":"0%"},0,null,{"v":0,"d":"0%"},0,null,{"v":0,"d":"0%"},0,0,{"v":0,"d":"0%"},0,0,{"v":0,"d":"0%"},0]
[" 3.2.2 "," 94965 ","SINAPI","CONCRETO FCK = 25MPA, TRAÇO 1:2,3:2,7 (EM MASSA SECA DE CIMENTO/ AREIA MÉDIA/ BRITA 1) - PREPARO MECÂNICO COM BETONEIRA 400 L. AF_05/2021","m³",0,461.17,{"v":576.27,"d":"R$ 576.27"},0,{"v":0,"d":"0.00 %"},null,{"v":0,"d":"0%"},0,null,{"v":0,"d":"0%"},0,null,{"v":0,"d":"0%"},0,null,{"v":0,"d":"0%"},0,null,{"v":0,"d":"0%"},0,0,{"v":0,"d":"0%"},0,0,{"v":0,"d":"0%"},0]
[" 3.2.3 "," 92873 ","SINAPI","LANÇAMENTO COM USO DE BALDES, ADENSAMENTO E ACABAMENTO DE CONCRETO EM ESTRUTURAS. AF_12/2015","m³",0,153.67,{"v":192.02,"d":"R$ 192.02"},0,{"v":0,"d":"0.00 %"},null,{"v":0,"d":"0%"},0,null,{"v":0,"d":"0%"},0,null,{"v":0,"d":"0%"},0,null,{"v":0,"d":"0%"},0,null,{"v":0,"d":"0%"},0,0,{"v":0,"d":"0%"},0,0,{"v":0,"d":"0%"},0]
[" 3.2.4 "," 92778 ","SINAPI","ARMAÇÃO DE PILAR OU VIGA DE UMA ESTRUTURA CONVENCIONAL DE CONCRETO ARMADO EM UMA EDIFICAÇÃO TÉRREA OU SOBRADO UTILIZANDO AÇO CA-50 DE 10,0 MM - MONTAGEM. AF_12/2015","KG",0,11.36,{"v":14.19,"d":"R$ 14.19"},0,{"v":0,"d":"0.00 %"},null,{"v":0,"d":"0%"},0,null,{"v":0,"d":"0%"},0,null,{"v":0,"d":"0%"},0,null,{"v":0,"d":"0%"},0,null,{"v":0,"d":"0%"},0,0,{"v":0,"d":"0%"},0,0,{"v":0,"d":"0%"},0]
[" 3.2.5 "," 92775 ","SINAPI","ARMAÇÃO DE PILAR OU VIGA DE UMA ESTRUTURA CONVENCIONAL DE CONCRETO ARMADO EM UMA EDIFICAÇÃO TÉRREA OU SOBRADO UTILIZANDO AÇO CA-60 DE 5,0 MM - MONTAGEM. AF_12/2015","KG",0,14.83,{"v":18.53,"d":"R$ 18.53"},0,{"v":0,"d":"0.00 %"},null,{"v":0,"d":"0%"},0,null,{"v":0,"d":"0%"},0,null,{"v":0,"d":"0%"},0,null,{"v":0,"d":"0%"},0,null,{"v":0,"d":"0%"},0,0,{"v":0,"d":"0%"},0,0,{"v":0,"d":"0%"},0]
[" 3.3 ","  ",null,"SUPERESTRUTURA - VIGAS DE AMARRAÇÃO E PILARES",null,null,"",null,{"v":1108.48,"d":"R$ 1,108.48"},{"v":0.005443860143162601,"d":"0.54 %"},null,null,{"v":0,"d":"0.00"},null,null,{"v":1108.48,"d":"1,108.48"},null,null,{"v":0,"d":"0.00"},null,null,{"v":0,"d":"0.00"},null,null,{"v":0,"d":"0.00"},null,null,{"v":1108.48,"d":"R$ 1,108.48"},null,null,0]
[" 3.3.1 "," COMP EST 01 SJ4M ","Próprio","MONTAGEM E DESMONTAGEM DE FÔRMA DE PILARES RETANGULARES E ESTRUTURAS SIMILARES COM ÁREA MÉDIA DAS SEÇÕES MENOR OU IGUAL A 0,25 M², PÉ-DIREITO SIMPLES, EM MADEIRA SERRADA, 4 UTILIZAÇÕES","M²",6.27,87.03,{"v":108.75,"d":"R$ 108.75"},{"v":681.86,"d":"R$ 681.86"},{"v":0.0033486851158494968,"d":"0.33 %"},null,{"v":0,"d":"0%"},0,6.27,{"v":1,"d":"100%"},{"v":681.86,"d":"R$ 681.86"},null,{"v":0,"d":"0%"},0,null,{"v":0,"d":"0%"},0,null,{"v":0,"d":"0%"},0,6.27,{"v":1,"d":"100%"},681.86,0,{"v":0,"d":"0%"},0]
[" 3.3.2 "," 92448 ","SINAPI","MONTAGEM E DESMONTAGEM DE FÔRMA DE VIGA, ESCORAMENTO COM PONTALETE DE MADEIRA, PÉ-DIREITO SIMPLES, EM MADEIRA SERRADA, 4 UTILIZAÇÕES. AF_09/2020","m²",0,121.41,{"v":151.71,"d":"R$ 151.71"},0,{"v":0,"d":"0.00 %"},null,{"v":0,"d":"0%"},0,0,{"v":0,"d":"0%"},0,null,{"v":0,"d":"0%"},0,null,{"v":0,"d":"0%"},0,null,{"v":0,"d":"0%"},0,0,{"v":0,"d":"0%"},0,0,{"v":0,"d":"0%"},0]
[" 3.3.3 "," 94965 ","SINAPI","CONCRETO FCK = 25MPA, TRAÇO 1:2,3:2,7 (EM MASSA SECA DE CIMENTO/ AREIA MÉDIA/ BRITA 1) - PREPARO MECÂNICO COM BETONEIRA 400 L. AF_05/2021","m³",0.32,461.17,{"v":576.27,"d":"R$ 576.27"},{"v":184.4,"d":"R$ 184.40"},{"v":0.0009056075079380624,"d":"0.09 %"},null,{"v":0,"d":"0%"},0,0.32,{"v":1,"d":"100%"},{"v":184.4,"d":"R$ 184.40"},null,{"v":0,"d":"0%"},0,null,{"v":0,"d":"0%"},0,null,{"v":0,"d":"0%"},0,0.32,{"v":1,"d":"100%"},184.4,0,{"v":0,"d":"0%"},0]
[" 3.3.4 "," COMP EST 02 SJ4M ","Próprio","LANÇAMENTO COM USO DE BALDES, ADENSAMENTO E ACABAMENTO DE CONCRETO EM ESTRUTURAS","M²",0.32,174.66,{"v":218.25,"d":"R$ 218.25"},{"v":69.84,"d":"R$ 69.84"},{"v":0.00034299147697610776,"d":"0.03 %"},null,{"v":0,"d":"0%"},0,0.32,{"v":1,"d":"100%"},{"v":69.84,"d":"R$ 69.84"},null,{"v":0,"d":"0%"},0,null,{"v":0,"d":"0%"},0,null,{"v":0,"d":"0%"},0,0.32,{"v":1,"d":"100%"},69.84,0,{"v":0,"d":"0%"},0]
[" 3.3.5 "," COMP EST 03 SJ4M ","Próprio","ARMAÇÃO DE PILAR OU VIGA DE UMA ESTRUTURA CONVENCIONAL DE CONCRETO ARMADO EM UMA EDIFICAÇÃO TÉRREA OU SOBRADO UTILIZANDO AÇO CA-50 DE 10,0 MM - MONTAGEM","M²",8.64,11.29,{"v":14.1,"d":"R$ 14.10"},{"v":121.82,"d":"R$ 121.82"},{"v":0.000598270643259299,"d":"0.06 %"},null,{"v":0,"d":"0%"},0,8.64,{"v":1,"d":"100%"},{"v":121.82,"d":"R$ 121.82"},null,{"v":0,"d":"0%"},0,null,{"v":0,"d":"0%"},0,null,{"v":0,"d":"0%"},0,8.64,{"v":1,"d":"100%"},121.82,0,{"v":0,"d":"0%"},0]
[" 3.3.6 "," 92779 ","SINAPI","ARMAÇÃO DE PILAR OU VIGA DE UMA ESTRUTURA CONVENCIONAL DE CONCRETO ARMADO EM UMA EDIFICAÇÃO TÉRREA OU SOBRADO UTILIZANDO AÇO CA-50 DE 12,5 MM - MONTAGEM. AF_12/2015","KG",0,9.54,{"v":11.92,"d":"R$ 11.92"},0,{"v":0,"d":"0.00 %"},null,{"v":0,"d":"0%"},0,0,{"v":0,"d":"0%"},0,null,{"v":0,"d":"0%"},0,null,{"v":0,"d":"0%"},0,null,{"v":0,"d":"0%"},0,0,{"v":0,"d":"0%"},0,0,{"v":0,"d":"0%"},0]
[" 3.3.7 "," COMP EST 04 SJ4M ","Próprio","ARMAÇÃO DE PILAR OU VIGA DE UMA ESTRUTURA CONVENCIONAL DE CONCRETO ARMADO EM UMA EDIFICAÇÃO TÉRREA OU SOBRADO UTILIZANDO AÇO CA-50 DE 10,0 MM","M²",2.8,14.46,{"v":18.06,"d":"R$ 18.06"},{"v":50.56,"d":"R$ 50.56"},{"v":0.0002483053991396336,"d":"0.02 %"},null,{"v":0,"d":"0%"},0,2.8,{"v":1,"d":"100%"},{"v":50.56,"d":"R$ 50.56"},null,{"v":0,"d":"0%"},0,null,{"v":0,"d":"0%"},0,null,{"v":0,"d":"0%"},0,2.8,{"v":1,"d":"100%"},50.56,0,{"v":0,"d":"0%"},0]
[" 3.4 ","  ",null,"LAJES",null,null,"",null,0,{"v":0,"d":"0.00 %"},null,null,{"v":0,"d":"0.00"},null,null,{"v":0,"d":"0.00"},null,null,{"v":0,"d":"0.00"},null,null,{"v":0,"d":"0.00"},null,null,{"v":0,"d":"0.00"},null,null,0,null,null,0]
[" 3.4.1 "," 74202/002 ","SINAPI","LAJE PRE-MOLDADA P/PISO, SOBRECARGA 200KG/M2, VAOS ATE 3,50M/E=8CM, C/LAJOTAS E CAP.C/CONC FCK=20MPA, 4CM, INTER-EIXO 38CM, C/ESCORAMENTO (REAPR.3X) E FERRAGEM NEGATIVA","m²",0,97.59,{"v":121.94,"d":"R$ 121.94"},0,{"v":0,"d":"0.00 %"},null,{"v":0,"d":"0%"},0,null,{"v":0,"d":"0%"},0,null,{"v":0,"d":"0%"},0,null,{"v":0,"d":"0%"},0,null,{"v":0,"d":"0%"},0,0,{"v":0,"d":"0%"},0,0,{"v":0,"d":"0%"},0]
[" 3.4.2 "," 74202/001 ","SINAPI","LAJE PRE-MOLDADA P/FORRO, SOBRECARGA 100KG/M2, VAOS ATE 3,50M/E=8CM, C/LAJOTAS E CAP.C/CONC FCK=20MPA, 3CM, INTER-EIXO 38CM, C/ESCORAMENTO (REAPR.3X) E FERRAGEM NEGATIVA","m²",0,89.04,{"v":111.26,"d":"R$ 111.26"},0,{"v":0,"d":"0.00 %"},null,{"v":0,"d":"0%"},0,null,{"v":0,"d":"0%"},0,null,{"v":0,"d":"0%"},0,null,{"v":0,"d":"0%"},0,null,{"v":0,"d":"0%"},0,0,{"v":0,"d":"0%"},0,0,{"v":0,"d":"0%"},0]
[" 3.4.3 "," 98546 ","SINAPI","IMPERMEABILIZAÇÃO DE SUPERFÍCIE COM MANTA ASFÁLTICA, UMA CAMADA, INCLUSIVE APLICAÇÃO DE PRIMER ASFÁLTICO, E=4MM. AF_09/2023","m²",0,105.39,{"v":131.69,"d":"R$ 131.69"},0,{"v":0,"d":"0.00 %"},null,{"v":0,"d":"0%"},0,null,{"v":0,"d":"0%"},0,null,{"v":0,"d":"0%"},0,null,{"v":0,"d":"0%"},0,null,{"v":0,"d":"0%"},0,0,{"v":0,"d":"0%"},0,0,{"v":0,"d":"0%"},0]
[" 4 ","  ",null,"ELÉTRICO",null,null,"",null,{"v":24768.340000000004,"d":"R$ 24,768.34"},{"$nulls":3},0,null,null,0,null,null,0,null,null,0,null,null,{"v":8821.75,"d":"R$ 8,821.75"},null,null,{"v":8821.75,"d":"R$ 8,821.75"},null,null,{"v":15946.59,"d":"R$ 15,946.59"}]
[" 4.1 ","  ",null,"INSTALAÇÃO E FORNECIMENTO DE ELETRODUTOS",null,null,"",null,{"v":4501,"d":"R$ 4,501.00"},{"v":0.02210487740362917,"d":"2.21 %"},null,null,{"v":0,"d":"0.00"},null,null,{"v":0,"d":"0.00"},null,null,{"v":0,"d":"0.00"},null,null,{"v":0,"d":"0.00"},null,null,{"v":4037,"d":"4,037.00"},null,null,{"v":4037,"d":"R$ 4,037.00"},null,null,{"v":464,"d":"R$ 464.00"}]
[" 4.1.1 "," 91854 ","SINAPI","ELETRODUTO FLEXÍVEL CORRUGADO, PVC, DN 25 MM (3/4\"), PARA CIRCUITOS TERMINAIS, INSTALADO EM PAREDE - FORNECIMENTO E INSTALAÇÃO. AF_03/2023","M",98.61,7.15,{"v":8.93,"d":"R$ 8.93"},{"v":880.58,"d":"R$ 880.58"},{"v":0.004324619627657803,"d":"0.43 %"},null,{"v":0,"d":"0%"},0,null,{"v":0,"d":"0%"},0,null,{"v":0,"d":"0%"},0,null,{"v":0,"d":"0%"},0,98.61,{"v":1,"d":"100%"},{"v":880.58,"d":"R$ 880.58"},98.61,{"v":1,"d":"100%"},880.58,0,{"v":0,"d":"0%"},0]
[" 4.1.2 "," 91844 ","SINAPI","ELETRODUTO FLEXÍVEL CORRUGADO, PVC, DN 25 MM (3/4\"), PARA CIRCUITOS TERMINAIS, INSTALADO EM LAJE - FORNECIMENTO E INSTALAÇÃO. AF_03/2023","M",17.15,5.13,{"v":6.41,"d":"R$ 6.41"},{"v":109.93,"d":"R$ 109.93"},{"v":0.0005398776211910586,"d":"0.05 %"},null,{"v":0,"d":"0%"},0,null,{"v":0,"d":"0%"},0,null,{"v":0,"d":"0%"},0,null,{"v":0,"d":"0%"},0,17.15,{"v":1,"d":"100%"},{"v":109.93,"d":"R$ 109.93"},17.15,{"v":1,"d":"100%"},109.93,0,{"v":0,"d":"0%"},0]
[" 4.1.3 "," 91834 ","SINAPI","ELETRODUTO FLEXÍVEL CORRUGADO, PVC, DN 25 MM (3/4\"), PARA CIRCUITOS TERMINAIS, INSTALADO EM FORRO - FORNECIMENTO E INSTALAÇÃO. AF_03/2023","M",120.24,13.41,{"v":16.75,"d":"R$ 16.75"},{"v":2014.02,"d":"R$ 2,014.02"},{"v":0.009891060917231107,"d":"0.99 %"},null,{"v":0,"d":"0%"},0,null,{"v":0,"d":"0%"},0,null,{"v":0,"d":"0%"},0,null,{"v":0,"d":"0%"},0,120.24,{"v":1,"d":"100%"},{"v":2014.02,"d":"R$ 2,014.02"},120.24,{"v":1,"d":"100%"},2014.02,0,{"v":0,"d":"0%"},0]
[" 4.1.4 "," 91836 ","SINAPI","ELETRODUTO FLEXÍVEL CORRUGADO, PVC, DN 32 MM (1\"), PARA CIRCUITOS TERMINAIS, INSTALADO EM FORRO - FORNECIMENTO E INSTALAÇÃO. AF_03/2023","M",18.72,15.73,{"v":19.65,"d":"R$ 19.65"},{"v":367.84,"d":"R$ 367.84"},{"v":0.0018065003563987898,"d":"0.18 %"},null,{"v":0,"d":"0%"},0,null,{"v":0,"d":"0%"},0,null,{"v":0,"d":"0%"},0,null,{"v":0,"d":"0%"},0,18.72,{"v":1,"d":"100%"},{"v":367.84,"d":"R$ 367.84"},18.72,{"v":1,"d":"100%"},367.84,0,{"v":0,"d":"0%"},0]
[" 4.1.5 "," COMP ELT 01 SJ4M ","Próprio","ELETRODUTO FLEXÍVEL CORRUGADO REFORÇADO, PVC, DN 32 MM (1\"), INSTALADO EM VALA ESCAVADA MANUALMENTE - FORNECIMENTO E INSTALAÇÃO","M",0,14.28,{"v":17.84,"d":"R$ 17.84"},0,{"v":0,"d":"0.00 %"},null,{"v":0,"d":"0%"},0,null,{"v":0,"d":"0%"},0,null,{"v":0,"d":"0%"},0,null,{"v":0,"d":"0%"},0,0,{"v":0,"d":"0%"},0,0,{"v":0,"d":"0%"},0,0,{"v":0,"d":"0%"},0]
[" 4.1.6 "," 90443 ","SINAPI","RASGO LINEAR MANUAL EM ALVENARIA, PARA RAMAIS/ DISTRIBUIÇÃO DE INSTALAÇÕES HIDRÁULICAS, DIÂMETROS MENORES OU IGUAIS A 40 MM. AF_09/2023","M",98.61,{"v":5.4,"d":"5.40"},{"v":6.74,"d":"R$ 6.74"},{"v":664.63,"d":"R$ 664.63"},{"v":0.0032640668004385812,"d":"0.33 %"},null,{"v":0,"d":"0%"},0,null,{"v":0,"d":"0%"},0,null,{"v":0,"d":"0%"},0,null,{"v":0,"d":"0%"},0,98.61,{"v":1,"d":"100%"},{"v":664.63,"d":"R$ 664.63"},98.61,{"v":1,"d":"100%"},664.63,0,{"v":0,"d":"0%"},0]
[" 4.1.7 "," COMP 15 SJ4M ","Próprio","CAIXA DE PASSAGEM 30X30X40 COM TAMPA E DRENO BRITA","UN",2,185.66,{"v":232,"d":"R$ 232.00"},{"v":464,"d":"R$ 464.00"},{"v":0.002278752080711827,"d":"0.23 %"},null,{"v":0,"d":"0%"},0,null,{"v":0,"d":"0%"},0,null,{"v":0,"d":"0%"},0,null,{"v":0,"d":"0%"},0,null,{"v":0,"d":"0%"},0,0,{"v":0,"d":"0%"},0,{"v":2,"d":"2.00"},{"v":1,"d":"100%"},{"v":464,"d":"R$ 464.00"}]
[" 4.2 ","  ",null,"CABOS ELÉTRICOS",null,null,"",null,{"v":6584.08,"d":"R$ 6,584.08"},{"v":0.032335099137011054,"d":"3.23 %"},null,null,{"v":0,"d":"0.00"},null,null,{"v":0,"d":"0.00"},null,null,{"v":0,"d":"0.00"},null,null,{"v":0,"d":"0.00"},null,null,{"v":4784.75,"d":"4,784.75"},null,null,{"v":4784.75,"d":"R$ 4,784.75"},null,null,{"v":1799.33,"d":"R$ 1,799.33"}]
[" 4.2.1 "," 91927 ","SINAPI","CABO DE COBRE FLEXÍVEL ISOLADO, 2,5 MM², ANTI-CHAMA 0,6/1,0 KV, PARA CIRCUITOS TERMINAIS - FORNECIMENTO E INSTALAÇÃO. AF_03/2023","M",438.1,3.58,{"v":4.47,"d":"R$ 4.47"},{"v":1958.3,"d":"R$ 1,958.30"},{"v":0.009617414223400799,"d":"0.96 %"},null,{"v":0,"d":"0%"},0,null,{"v":0,"d":"0%"},0,null,{"v":0,"d":"0%"},0,null,{"v":0,"d":"0%"},0,438.1,{"v":1,"d":"100%"},{"v":1958.3,"d":"R$ 1,958.30"},438.1,{"v":1,"d":"100%"},1958.3,0,{"v":0,"d":"0%"},0]
[" 4.2.2 "," 91929 ","SINAPI","CABO DE COBRE FLEXÍVEL ISOLADO, 4 MM², ANTI-CHAMA 0,6/1,0 KV, PARA CIRCUITOS TERMINAIS - FORNECIMENTO E INSTALAÇÃO. AF_03/2023","M",428.9,5.28,{"v":6.59,"d":"R$ 6.59"},{"v":2826.45,"d":"R$ 2,826.45"},{"v":0.013880988833034362,"d":"1.39 %"},null,{"v":0,"d":"0%"},0,null,{"v":0,"d":"0%"},0,null,{"v":0,"d":"0%"},0,null,{"v":0,"d":"0%"},0,428.9,{"v":1,"d":"100%"},{"v":2826.45,"d":"R$ 2,826.45"},428.9,{"v":1,"d":"100%"},2826.45,0,{"v":0,"d":"0%"},0]
[" 4.2.3 "," 91935 ","SINAPI","CABO DE COBRE FLEXÍVEL ISOLADO, 16 MM², ANTI-CHAMA 0,6/1,0 KV, PARA CIRCUITOS TERMINAIS - FORNECIMENTO E INSTALAÇÃO. AF_03/2023","M",76.6,{"v":18.8,"d":"18.80"},{"v":23.49,"d":"R$ 23.49"},{"v":1799.33,"d":"R$ 1,799.33"},{"v":0.008836696080575888,"d":"0.88 %"},null,{"v":0,"d":"0%"},0,null,{"v":0,"d":"0%"},0,null,{"v":0,"d":"0%"},0,null,{"v":0,"d":"0%"},0,null,{"v":0,"d":"0%"},0,0,{"v":0,"d":"0%"},0,{"v":76.6,"d":"76.60"},{"v":1,"d":"100%"},{"v":1799.33,"d":"R$ 1,799.33"}]
[" 4.3 ","  ",null,"INSTALAÇÃO E FORNECIMENTO DE TOMADAS E INTERRUPTORES",{"$nulls":4},{"v":2456.0299999999997,"d":"R$ 2,456.03"},{"v":0.012061817829290234,"d":"1.21 %"},null,null,{"v":0,"d":"0.00"},null,null,{"v":0,"d":"0.00"},null,null,{"v":0,"d":"0.00"},null,null,{"v":0,"d":"0.00"},null,null,{"v":0,"d":"0.00"},null,null,0,null,null,{"v":2456.0299999999997,"d":"R$ 2,456.03"}]
[" 4.3.1 "," 91939 ","SINAPI","CAIXA RETANGULAR 4\" X 2\" ALTA (2,00 M DO PISO), PVC, INSTALADA EM PAREDE - FORNECIMENTO E INSTALAÇÃO. AF_03/2023","UN",12,22.39,{"v":27.97,"d":"R$ 27.97"},{"v":335.64,"d":"R$ 335.64"},{"v":0.0016483628197631846,"d":"0.16 %"},null,{"v":0,"d":"0%"},0,null,{"v":0,"d":"0%"},0,null,{"v":0,"d":"0%"},0,null,{"v":0,"d":"0%"},0,null,{"v":0,"d":"0%"},0,0,{"v":0,"d":"0%"},0,{"v":12,"d":"12.00"},{"v":1,"d":"100%"},{"v":335.64,"d":"R$ 335.64"}]
[" 4.3.2 "," 91940 ","SINAPI","CAIXA RETANGULAR 4\" X 2\" MÉDIA (1,30 M DO PISO), PVC, INSTALADA EM PAREDE - FORNECIMENTO E INSTALAÇÃO. AF_03/2023","UN",17,13.09,{"v":16.35,"d":"R$ 16.35"},{"v":277.95,"d":"R$ 277.95"},{"v":0.0013650412517970955,"d":"0.14 %"},null,{"v":0,"d":"0%"},0,null,{"v":0,"d":"0%"},0,null,{"v":0,"d":"0%"},0,null,{"v":0,"d":"0%"},0,null,{"v":0,"d":"0%"},0,0,{"v":0,"d":"0%"},0,{"v":17,"d":"17.00"},{"v":1,"d":"100%"},{"v":277.95,"d":"R$ 277.95"}]
[" 4.3.3 "," 91941 ","SINAPI","CAIXA RETANGULAR 4\" X 2\" BAIXA (0,30 M DO PISO), PVC, INSTALADA EM PAREDE - FORNECIMENTO E INSTALAÇÃO. AF_03/2023","UN",18,8.54,{"v":10.67,"d":"R$ 10.67"},{"v":192.06,"d":"R$ 192.06"},{"v":0.0009432265616842964,"d":"0.09 %"},null,{"v":0,"d":"0%"},0,null,{"v":0,"d":"0%"},0,null,{"v":0,"d":"0%"},0,null,{"v":0,"d":"0%"},0,null,{"v":0,"d":"0%"},0,0,{"v":0,"d":"0%"},0,{"v":18,"d":"18.00"},{"v":1,"d":"100%"},{"v":192.06,"d":"R$ 192.06"}]
[" 4.3.4 "," 91937 ","SINAPI","CAIXA OCTOGONAL 3\" X 3\", PVC, INSTALADA EM LAJE - FORNECIMENTO E INSTALAÇÃO. AF_03/2023","UN",5,{"v":11.8,"d":"11.80"},{"v":14.74,"d":"R$ 14.74"},{"v":73.7,"d":"R$ 73.70"},{"v":0.0003619483369578915,"d":"0.04 %"},null,{"v":0,"d":"0%"},0,null,{"v":0,"d":"0%"},0,null,{"v":0,"d":"0%"},0,null,{"v":0,"d":"0%"},0,null,{"v":0,"d":"0%"},0,0,{"v":0,"d":"0%"},0,{"v":5,"d":"5.00"},{"v":1,"d":"100%"},{"v":73.7,"d":"R$ 73.70"}]
[" 4.3.5 "," 92000 ","SINAPI","TOMADA BAIXA DE EMBUTIR (1 MÓDULO), 2P+T 10 A, INCLUINDO SUPORTE E PLACA - FORNECIMENTO E INSTALAÇÃO. AF_03/2023","UN",16,22.45,{"v":28.05,"d":"R$ 28.05"},{"v":448.8,"d":"R$ 448.80"},{"v":0.0022041033056540258,"d":"0.22 %"},null,{"v":0,"d":"0%"},0,null,{"v":0,"d":"0%"},0,null,{"v":0,"d":"0%"},0,null,{"v":0,"d":"0%"},0,null,{"v":0,"d":"0%"},0,0,{"v":0,"d":"0%"},0,{"v":16,"d":"16.00"},{"v":1,"d":"100%"},{"v":448.8,"d":"R$ 448.80"}]
[" 4.3.6 "," 92008 ","SINAPI","TOMADA BAIXA DE EMBUTIR (2 MÓDULOS), 2P+T 10 A, INCLUINDO SUPORTE E PLACA - FORNECIMENTO E INSTALAÇÃO. AF_03/2023","UN",2,34.75,{"v":43.42,"d":"R$ 43.42"},{"v":86.84,"d":"R$ 86.84"},{"v":0.0004264802385539118,"d":"0.04 %"},null,{"v":0,"d":"0%"},0,null,{"v":0,"d":"0%"},0,null,{"v":0,"d":"0%"},0,null,{"v":0,"d":"0%"},0,null,{"v":0,"d":"0%"},0,0,{"v":0,"d":"0%"},0,{"v":2,"d":"2.00"},{"v":1,"d":"100%"},{"v":86.84,"d":"R$ 86.84"}]
[" 4.3.7 "," 91996 ","SINAPI","TOMADA MÉDIA DE EMBUTIR (1 MÓDULO), 2P+T 10 A, INCLUINDO SUPORTE E PLACA - FORNECIMENTO E INSTALAÇÃO. AF_03/2023","UN",7,25.14,{"v":31.41,"d":"R$ 31.41"},{"v":219.87,"d":"R$ 219.87"},{"v":0.0010798043534183393,"d":"0.11 %"},null,{"v":0,"d":"0%"},0,null,{"v":0,"d":"0%"},0,null,{"v":0,"d":"0%"},0,null,{"v":0,"d":"0%"},0,null,{"v":0,"d":"0%"},0,0,{"v":0,"d":"0%"},0,{"v":7,"d":"7.00"},{"v":1,"d":"100%"},{"v":219.87,"d":"R$ 219.87"}]
[" 4.3.8 "," 91992 ","SINAPI","TOMADA ALTA DE EMBUTIR (1 MÓDULO), 2P+T 10 A, INCLUINDO SUPORTE E PLACA - FORNECIMENTO E INSTALAÇÃO. AF_03/2023","UN",4,{"v":32.1,"d":"32.10"},{"v":40.11,"d":"R$ 40.11"},{"v":160.44,"d":"R$ 160.44"},{"v":0.0007879374651495809,"d":"0.08 %"},null,{"v":0,"d":"0%"},0,null,{"v":0,"d":"0%"},0,null,{"v":0,"d":"0%"},0,null,{"v":0,"d":"0%"},0,null,{"v":0,"d":"0%"},0,0,{"v":0,"d":"0%"},0,{"v":4,"d":"4.00"},{"v":1,"d":"100%"},{"v":160.44,"d":"R$ 160.44"}]
[" 4.3.9 "," 91993 ","SINAPI","TOMADA ALTA DE EMBUTIR (1 MÓDULO), 2P+T 20 A, INCLUINDO SUPORTE E PLACA - FORNECIMENTO E INSTALAÇÃO. AF_03/2023","UN",8,33.74,{"v":42.16,"d":"R$ 42.16"},{"v":337.28,"d":"R$ 337.28"},{"v":0.0016564170297036316,"d":"0.17 %"},null,{"v":0,"d":"0%"},0,null,{"v":0,"d":"0%"},0,null,{"v":0,"d":"0%"},0,null,{"v":0,"d":"0%"},0,null,{"v":0,"d":"0%"},0,0,{"v":0,"d":"0%"},0,{"v":8,"d":"8.00"},{"v":1,"d":"100%"},{"v":337.28,"d":"R$ 337.28"}]
[" 4.3.10 "," 91953 ","SINAPI","INTERRUPTOR SIMPLES (1 MÓDULO), 10A/250V, INCLUINDO SUPORTE E PLACA - FORNECIMENTO E INSTALAÇÃO. AF_03/2023","UN",7,21.39,{"v":26.72,"d":"R$ 26.72"},{"v":187.04,"d":"R$ 187.04"},{"v":0.0009185728215007331,"d":"0.09 %"},null,{"v":0,"d":"0%"},0,null,{"v":0,"d":"0%"},0,null,{"v":0,"d":"0%"},0,null,{"v":0,"d":"0%"},0,null,{"v":0,"d":"0%"},0,0,{"v":0,"d":"0%"},0,{"v":7,"d":"7.00"},{"v":1,"d":"100%"},{"v":187.04,"d":"R$ 187.04"}]
[" 4.3.11 "," 91959 ","SINAPI","INTERRUPTOR SIMPLES (2 MÓDULOS), 10A/250V, INCLUINDO SUPORTE E PLACA - FORNECIMENTO E INSTALAÇÃO. AF_03/2023","UN",2,32.64,{"v":40.78,"d":"R$ 40.78"},{"v":81.56,"d":"R$ 81.56"},{"v":0.0004005496114285703,"d":"0.04 %"},null,{"v":0,"d":"0%"},0,null,{"v":0,"d":"0%"},0,null,{"v":0,"d":"0%"},0,null,{"v":0,"d":"0%"},0,null,{"v":0,"d":"0%"},0,0,{"v":0,"d":"0%"},0,{"v":2,"d":"2.00"},{"v":1,"d":"100%"},{"v":81.56,"d":"R$ 81.56"}]
[" 4.3.12 "," 91967 ","SINAPI","INTERRUPTOR SIMPLES (3 MÓDULOS), 10A/250V, INCLUINDO SUPORTE E PLACA - FORNECIMENTO E INSTALAÇÃO. AF_03/2023","UN",1,{"v":43.9,"d":"43.90"},{"v":54.85,"d":"R$ 54.85"},{"v":54.85,"d":"R$ 54.85"},{"v":0.0002693740336789735,"d":"0.03 %"},null,{"v":0,"d":"0%"},0,null,{"v":0,"d":"0%"},0,null,{"v":0,"d":"0%"},0,null,{"v":0,"d":"0%"},0,null,{"v":0,"d":"0%"},0,0,{"v":0,"d":"0%"},0,{"v":1,"d":"1.00"},{"v":1,"d":"100%"},{"v":54.85,"d":"R$ 54.85"}]
[" 4.4 ","  ",null,"INSTALAÇÃO E FORNECIMENTO DE LUMINÁRIAS",null,null,"",null,{"v":5251.29,"d":"R$ 5,251.29"},{"v":0.02578962934034744,"d":"2.58 %"},null,null,{"v":0,"d":"0.00"},null,null,{"v":0,"d":"0.00"},null,null,{"v":0,"d":"0.00"},null,null,{"v":0,"d":"0.00"},null,null,{"v":0,"d":"0.00"},null,null,0,null,null,{"v":5251.29,"d":"R$ 5,251.29"}]
[" 4.4.1 "," 97586 ","SINAPI","LUMINÁRIA TIPO CALHA, DE SOBREPOR, COM 2 LÂMPADAS TUBULARES FLUORESCENTES DE 36 W, COM REATOR DE PARTIDA RÁPIDA - FORNECIMENTO E INSTALAÇÃO. AF_02/2020","UN",30,128.88,{"v":161.04,"d":"R$ 161.04"},{"v":4831.2,"d":"R$ 4,831.20"},{"v":0.023726523819687456,"d":"2.37 %"},null,{"v":0,"d":"0%"},0,null,{"v":0,"d":"0%"},0,null,{"v":0,"d":"0%"},0,null,{"v":0,"d":"0%"},0,null,{"v":0,"d":"0%"},0,0,{"v":0,"d":"0%"},0,{"v":30,"d":"30.00"},{"v":1,"d":"100%"},{"v":4831.2,"d":"R$ 4,831.20"}]
[" 4.4.2 "," 97593 ","SINAPI","LUMINÁRIA TIPO SPOT, DE SOBREPOR, COM 1 LÂMPADA FLUORESCENTE DE 15 W, SEM REATOR - FORNECIMENTO E INSTALAÇÃO. AF_02/2020","UN",3,112.06,{"v":140.03,"d":"R$ 140.03"},{"v":420.09,"d":"R$ 420.09"},{"v":0.0020631055206599817,"d":"0.21 %"},null,{"v":0,"d":"0%"},0,null,{"v":0,"d":"0%"},0,null,{"v":0,"d":"0%"},0,null,{"v":0,"d":"0%"},0,null,{"v":0,"d":"0%"},0,0,{"v":0,"d":"0%"},0,{"v":3,"d":"3.00"},{"v":1,"d":"100%"},{"v":420.09,"d":"R$ 420.09"}]
[" 4.5 ","  ",null,"DISPOSITIVOS DE PROTEÇÃO, QUADRO DE DISTRIBUIÇÃO E RAMAL DE ENTRADA",{"$nulls":4},{"v":5975.9400000000005,"d":"R$ 5,975.94"},{"v":0.029348460580191894,"d":"2.93 %"},null,null,{"v":0,"d":"0.00"},null,null,{"v":0,"d":"0.00"},null,null,{"v":0,"d":"0.00"},null,null,{"v":0,"d":"0.00"},null,null,{"v":0,"d":"0.00"},null,null,0,null,null,{"v":5975.9400000000005,"d":"R$ 5,975.94"}]
[" 4.5.1 "," 93653 ","SINAPI","DISJUNTOR MONOPOLAR TIPO DIN, CORRENTE NOMINAL DE 10A - FORNECIMENTO E INSTALAÇÃO. AF_10/2020","UN",4,{"v":8.9,"d":"8.90"},{"v":11.12,"d":"R$ 11.12"},{"v":44.48,"d":"R$ 44.48"},{"v":0.00021844588911651308,"d":"0.02 %"},null,{"v":0,"d":"0%"},0,null,{"v":0,"d":"0%"},0,null,{"v":0,"d":"0%"},0,null,{"v":0,"d":"0%"},0,null,{"v":0,"d":"0%"},0,0,{"v":0,"d":"0%"},0,{"v":4,"d":"4.00"},{"v":1,"d":"100%"},{"v":44.48,"d":"R$ 44.48"}]
[" 4.5.2 "," 93654 ","SINAPI","DISJUNTOR MONOPOLAR TIPO DIN, CORRENTE NOMINAL DE 16A - FORNECIMENTO E INSTALAÇÃO. AF_10/2020","UN",2,9.34,{"v":11.67,"d":"R$ 11.67"},{"v":23.34,"d":"R$ 23.34"},{"v":0.00011462515854270268,"d":"0.01 %"},null,{"v":0,"d":"0%"},0,null,{"v":0,"d":"0%"},0,null,{"v":0,"d":"0%"},0,null,{"v":0,"d":"0%"},0,null,{"v":0,"d":"0%"},0,0,{"v":0,"d":"0%"},0,{"v":2,"d":"2.00"},{"v":1,"d":"100%"},{"v":23.34,"d":"R$ 23.34"}]
[" 4.5.3 "," 93667 ","SINAPI","DISJUNTOR TRIPOLAR TIPO DIN, CORRENTE NOMINAL DE 10A - FORNECIMENTO E INSTALAÇÃO. AF_10/2020","UN",7,53.47,{"v":66.81,"d":"R$ 66.81"},{"v":467.67,"d":"R$ 467.67"},{"v":0.0022967758310053882,"d":"0.23 %"},null,{"v":0,"d":"0%"},0,null,{"v":0,"d":"0%"},0,null,{"v":0,"d":"0%"},0,null,{"v":0,"d":"0%"},0,null,{"v":0,"d":"0%"},0,0,{"v":0,"d":"0%"},0,{"v":7,"d":"7.00"},{"v":1,"d":"100%"},{"v":467.67,"d":"R$ 467.67"}]
[" 4.5.4 "," 93668 ","SINAPI","DISJUNTOR TRIPOLAR TIPO DIN, CORRENTE NOMINAL DE 16A - FORNECIMENTO E INSTALAÇÃO. AF_10/2020","UN",1,54.82,{"v":68.5,"d":"R$ 68.50"},{"v":68.5,"d":"R$ 68.50"},{"v":0.0003364105981223279,"d":"0.03 %"},null,{"v":0,"d":"0%"},0,null,{"v":0,"d":"0%"},0,null,{"v":0,"d":"0%"},0,null,{"v":0,"d":"0%"},0,null,{"v":0,"d":"0%"},0,0,{"v":0,"d":"0%"},0,{"v":1,"d":"1.00"},{"v":1,"d":"100%"},{"v":68.5,"d":"R$ 68.50"}]
[" 4.5.5 "," 93672 ","SINAPI","DISJUNTOR TRIPOLAR TIPO DIN, CORRENTE NOMINAL DE 40A - FORNECIMENTO E INSTALAÇÃO. AF_10/2020","UN",1,66.22,{"v":82.74,"d":"R$ 82.74"},{"v":82.74,"d":"R$ 82.74"},{"v":0.00040634471370279434,"d":"0.04 %"},null,{"v":0,"d":"0%"},0,null,{"v":0,"d":"0%"},0,null,{"v":0,"d":"0%"},0,null,{"v":0,"d":"0%"},0,null,{"v":0,"d":"0%"},0,0,{"v":0,"d":"0%"},0,{"v":1,"d":"1.00"},{"v":1,"d":"100%"},{"v":82.74,"d":"R$ 82.74"}]
[" 4.5.6 "," COMP ELT 02 SJ4M ","Próprio","FORNECIMENTO E INSTALAÇAO DE DISPOSITIVO DPS CLASSE II, 1 POLO, TENSAO MAXIMA DE 275 V, CORRENTE MAXIMA DE *45* KA (TIPO AC)","UN",4,102.85,{"v":128.52,"d":"R$ 128.52"},{"v":514.08,"d":"R$ 514.08"},{"v":0.0025247001501127932,"d":"0.25 %"},null,{"v":0,"d":"0%"},0,null,{"v":0,"d":"0%"},0,null,{"v":0,"d":"0%"},0,null,{"v":0,"d":"0%"},0,null,{"v":0,"d":"0%"},0,0,{"v":0,"d":"0%"},0,{"v":4,"d":"4.00"},{"v":1,"d":"100%"},{"v":514.08,"d":"R$ 514.08"}]
[" 4.5.7 "," COMP ELT 03 SJ4M ","Próprio","FORNECIMENTO E INSTALAÇAO DE DISPOSITIVO DR, 2 POLOS, SENSIBILIDADE DE 30 MA, CORRENTE DE 25 A, TIPO AC","UN",3,119.93,{"v":149.86,"d":"R$ 149.86"},{"v":449.58,"d":"R$ 449.58"},{"v":0.0022079339664793605,"d":"0.22 %"},null,{"v":0,"d":"0%"},0,null,{"v":0,"d":"0%"},0,null,{"v":0,"d":"0%"},0,null,{"v":0,"d":"0%"},0,null,{"v":0,"d":"0%"},0,0,{"v":0,"d":"0%"},0,{"v":3,"d":"3.00"},{"v":1,"d":"100%"},{"v":449.58,"d":"R$ 449.58"}]
[" 4.5.8 "," COMP 03 SJ4M ","Próprio","QUADRO DE DISTRIBUICAO DE ENERGIA DE EMBUTIR, EM CHAPA METALICA, PARA 24 DISJUNTORES TERMOMAGNETICOS MONOPOLARES, COM BARRAMENTO TRIFASICO E NEUTRO, FORNECIMENTO E INSTALACAO","UN",1,617.67,{"v":771.84,"d":"R$ 771.84"},{"v":771.84,"d":"R$ 771.84"},{"v":0.003790586219777191,"d":"0.38 %"},null,{"v":0,"d":"0%"},0,null,{"v":0,"d":"0%"},0,null,{"v":0,"d":"0%"},0,null,{"v":0,"d":"0%"},0,null,{"v":0,"d":"0%"},0,0,{"v":0,"d":"0%"},0,{"v":1,"d":"1.00"},{"v":1,"d":"100%"},{"v":771.84,"d":"R$ 771.84"}]
[" 4.5.9 "," COMP ELT 04 SJ4M ","Próprio","FORNECIMENTO E INSTALAÇAO DE PADRÃO DE ENTRADA DE ENERGIA CATEGORIA \"T3\" (ENERGISA) - TRIFÁSICO - 7 METROS DE ALTURA, INCLUSO ATERRAMENTO","UN",1,{"v":2843.88,"d":"2,843.88"},{"v":3553.71,"d":"R$ 3,553.71"},{"v":3553.71,"d":"R$ 3,553.71"},{"v":0.017452638053332817,"d":"1.75 %"},null,{"v":0,"d":"0%"},0,null,{"v":0,"d":"0%"},0,null,{"v":0,"d":"0%"},0,null,{"v":0,"d":"0%"},0,null,{"v":0,"d":"0%"},0,0,{"v":0,"d":"0%"},0,{"v":1,"d":"1.00"},{"v":1,"d":"100%"},{"v":3553.71,"d":"R$ 3,553.71"}]
[" 5 ","  ",null,"INSTALAÇÃO DE ÁGUA FRIA",null,null,"",null,{"v":9418.52,"d":"R$ 9,418.52"},{"$nulls":3},0,null,null,0,null,null,0,null,null,0,null,null,0,null,null,0,null,null,{"v":9418.52,"d":"R$ 9,418.52"}]
[" 5.1 ","  ",null,"COMPOSIÇÕES REPRESENTATIVAS DE REDE DE ÁGUA FRIA",null,null,"",null,{"v":925.9300000000001,"d":"R$ 925.93"},{"v":0.004547338176925652,"d":"0.45 %"},null,null,{"v":0,"d":"0.00"},null,null,{"v":0,"d":"0.00"},null,null,{"v":0,"d":"0.00"},null,null,{"v":0,"d":"0.00"},null,null,{"v":0,"d":"0.00"},null,null,0,null,null,{"v":925.9300000000001,"d":"R$ 925.93"}]
[" 5.1.1 "," COMP 04 SJ4M ","Próprio","SERVIÇO DE INSTALAÇÃO DE TUBOS DE PVC, SOLDÁVEL, ÁGUA FRIA, DN 50 MM (INSTALADO EM PRUMADA), INCLUSIVE CONEXÕES, CORTES E FIXAÇÕES, PARA PRÉDIOS.","M",12.92,{"v":38.6,"d":"38.60"},{"v":48.23,"d":"R$ 48.23"},{"v":623.13,"d":"R$ 623.13"},{"v":0.003060256000116295,"d":"0.31 %"},null,{"v":0,"d":"0%"},0,null,{"v":0,"d":"0%"},0,null,{"v":0,"d":"0%"},0,null,{"v":0,"d":"0%"},0,null,{"v":0,"d":"0%"},0,0,{"v":0,"d":"0%"},0,12.92,{"v":1,"d":"100%"},{"v":623.13,"d":"R$ 623.13"}]
[" 5.1.2 "," COMP 05 SJ4M ","Próprio","DO SERVIÇO DE INSTALAÇÃO DE TUBOS DE PVC, SOLDÁVEL, ÁGUA FRIA, DN 25 MM (INSTALADO EM RAMAL, SUB-RAMAL, RAMAL DE DISTRIBUIÇÃO OU PRUMADA), INCLUSIVE CONEXÕES, CORTES E FIXAÇÕES, PARA PRÉDIOS.","UN",7.38,32.84,{"v":41.03,"d":"R$ 41.03"},{"v":302.8,"d":"R$ 302.80"},{"v":0.0014870821768093562,"d":"0.15 %"},null,{"v":0,"d":"0%"},0,null,{"v":0,"d":"0%"},0,null,{"v":0,"d":"0%"},0,null,{"v":0,"d":"0%"},0,null,{"v":0,"d":"0%"},0,0,{"v":0,"d":"0%"},0,7.38,{"v":1,"d":"100%"},{"v":302.8,"d":"R$ 302.80"}]
[" 5.2 ","  ",null,"REGISTROS",{"$nulls":4},{"v":810.8399999999999,"d":"R$ 810.84"},{"v":0.003982119261043918,"d":"0.40 %"},null,null,{"v":0,"d":"0.00"},null,null,{"v":0,"d":"0.00"},null,null,{"v":0,"d":"0.00"},null,null,{"v":0,"d":"0.00"},null,null,{"v":0,"d":"0.00"},null,null,0,null,null,{"v":810.8399999999999,"d":"R$ 810.84"}]
[" 5.2.1 "," 94497 ","SINAPI","REGISTRO DE GAVETA BRUTO, LATÃO, ROSCÁVEL, 1 1/2\" - FORNECIMENTO E INSTALAÇÃO. AF_08/2021","UN",3,65.41,{"v":81.73,"d":"R$ 81.73"},{"v":245.19,"d":"R$ 245.19"},{"v":0.0012041534971330451,"d":"0.12 %"},null,{"v":0,"d":"0%"},0,null,{"v":0,"d":"0%"},0,null,{"v":0,"d":"0%"},0,null,{"v":0,"d":"0%"},0,null,{"v":0,"d":"0%"},0,0,{"v":0,"d":"0%"},0,{"v":3,"d":"3.00"},{"v":1,"d":"100%"},{"v":245.19,"d":"R$ 245.19"}]
[" 5.2.2 "," 99635 ","SINAPI","VÁLVULA DE DESCARGA METÁLICA, BASE 1 1/2\", ACABAMENTO METALICO CROMADO - FORNECIMENTO E INSTALAÇÃO. AF_08/2021","UN",3,150.89,{"v":188.55,"d":"R$ 188.55"},{"v":565.65,"d":"R$ 565.65"},{"v":0.002777965763910873,"d":"0.28 %"},null,{"v":0,"d":"0%"},0,null,{"v":0,"d":"0%"},0,null,{"v":0,"d":"0%"},0,null,{"v":0,"d":"0%"},0,null,{"v":0,"d":"0%"},0,0,{"v":0,"d":"0%"},0,{"v":3,"d":"3.00"},{"v":1,"d":"100%"},{"v":565.65,"d":"R$ 565.65"}]
[" 5.3 ","  ",null,"ALIMENTAÇÃO",null,null,"",null,{"v":1393.75,"d":"R$ 1,393.75"},{"v":0.006844850673474374,"d":"0.68 %"},null,null,{"v":0,"d":"0.00"},null,null,{"v":0,"d":"0.00"},null,null,{"v":0,"d":"0.00"},null,null,{"v":0,"d":"0.00"},null,null,{"v":0,"d":"0.00"},null,null,0,null,null,{"v":1393.75,"d":"R$ 1,393.75"}]
[" 5.3.1 "," COMP 06 SJ4M ","Próprio","DO SERVIÇO DE INSTALAÇÃO DE TUBOS DE PVC, SOLDÁVEL, ÁGUA FRIA, DN 20 MM (INSTALADO EM RAMAL, SUB-RAMAL OU RAMAL DE DISTRIBUIÇÃO), INCLUSIVE CONEXÕES, CORTES E FIXAÇÕES, PARA PRÉDIOS.","M",28.85,32.82,{"v":41.01,"d":"R$ 41.01"},{"v":1183.13,"d":"R$ 1,183.13"},{"v":0.005810474028561604,"d":"0.58 %"},null,{"v":0,"d":"0%"},0,null,{"v":0,"d":"0%"},0,null,{"v":0,"d":"0%"},0,null,{"v":0,"d":"0%"},0,null,{"v":0,"d":"0%"},0,0,{"v":0,"d":"0%"},0,28.85,{"v":1,"d":"100%"},{"v":1183.13,"d":"R$ 1,183.13"}]
[" 5.3.2 "," 95634 ","SINAPI","KIT CAVALETE PARA MEDIÇÃO DE ÁGUA - ENTRADA PRINCIPAL, EM PVC SOLDÁVEL DN 20 (½\")   FORNECIMENTO E INSTALAÇÃO (EXCLUSIVE HIDRÔMETRO). AF_11/2016","UN",1,168.55,{"v":210.62,"d":"R$ 210.62"},{"v":210.62,"d":"R$ 210.62"},{"v":0.0010343766449127695,"d":"0.10 %"},null,{"v":0,"d":"0%"},0,null,{"v":0,"d":"0%"},0,null,{"v":0,"d":"0%"},0,null,{"v":0,"d":"0%"},0,null,{"v":0,"d":"0%"},0,0,{"v":0,"d":"0%"},0,{"v":1,"d":"1.00"},{"v":1,"d":"100%"},{"v":210.62,"d":"R$ 210.62"}]
[" 5.4 ","  ",null,"BARRILETE",{"$nulls":4},{"v":1906.6799999999998,"d":"R$ 1,906.68"},{"v":0.00936390305442161,"d":"0.94 %"},null,null,{"v":0,"d":"0.00"},null,null,{"v":0,"d":"0.00"},null,null,{"v":0,"d":"0.00"},null,null,{"v":0,"d":"0.00"},null,null,{"v":0,"d":"0.00"},null,null,0,null,null,{"v":1906.6799999999998,"d":"R$ 1,906.68"}]
[" 5.4.1 "," 94492 ","SINAPI","REGISTRO DE ESFERA, PVC, SOLDÁVEL, COM VOLANTE, DN  50 MM - FORNECIMENTO E INSTALAÇÃO. AF_08/2021","UN",2,41.15,{"v":51.42,"d":"R$ 51.42"},{"v":102.84,"d":"R$ 102.84"},{"v":0.000505057896509492,"d":"0.05 %"},null,{"v":0,"d":"0%"},0,null,{"v":0,"d":"0%"},0,null,{"v":0,"d":"0%"},0,null,{"v":0,"d":"0%"},0,null,{"v":0,"d":"0%"},0,0,{"v":0,"d":"0%"},0,{"v":2,"d":"2.00"},{"v":1,"d":"100%"},{"v":102.84,"d":"R$ 102.84"}]
[" 5.4.2 "," COMP 07 SJ4M ","Próprio","CAIXA D´ÁGUA EM POLIETILENO, 1000 LITROS, COM ACESSÓRIOS","UN",2,721.77,{"v":901.92,"d":"R$ 901.92"},{"v":1803.84,"d":"R$ 1,803.84"},{"v":0.008858845157912116,"d":"0.89 %"},null,{"v":0,"d":"0%"},0,null,{"v":0,"d":"0%"},0,null,{"v":0,"d":"0%"},0,null,{"v":0,"d":"0%"},0,null,{"v":0,"d":"0%"},0,0,{"v":0,"d":"0%"},0,{"v":2,"d":"2.00"},{"v":1,"d":"100%"},{"v":1803.84,"d":"R$ 1,803.84"}]
[" 5.5 ","  ",null,"LOUÇAS E METAIS",{"$nulls":4},{"v":4381.320000000001,"d":"R$ 4,381.32"},{"v":0.021517116522121432,"d":"2.15 %"},null,null,{"v":0,"d":"0.00"},null,null,{"v":0,"d":"0.00"},null,null,{"v":0,"d":"0.00"},null,null,{"v":0,"d":"0.00"},null,null,{"v":0,"d":"0.00"},null,null,0,null,null,{"v":4381.320000000001,"d":"R$ 4,381.32"}]
[" 5.5.1 "," 95470 ","SINAPI","VASO SANITARIO SIFONADO CONVENCIONAL COM LOUÇA BRANCA, INCLUSO CONJUNTO DE LIGAÇÃO PARA BACIA SANITÁRIA AJUSTÁVEL - FORNECIMENTO E INSTALAÇÃO. AF_10/2016","UN",1,239.84,{"v":299.7,"d":"R$ 299.70"},{"v":299.7,"d":"R$ 299.70"},{"v":0.0014718577555804626,"d":"0.15 %"},null,{"v":0,"d":"0%"},0,null,{"v":0,"d":"0%"},0,null,{"v":0,"d":"0%"},0,null,{"v":0,"d":"0%"},0,null,{"v":0,"d":"0%"},0,0,{"v":0,"d":"0%"},0,{"v":1,"d":"1.00"},{"v":1,"d":"100%"},{"v":299.7,"d":"R$ 299.70"}]
[" 5.5.2 "," 95472 ","SINAPI","VASO SANITARIO SIFONADO CONVENCIONAL PARA PCD SEM FURO FRONTAL COM LOUÇA BRANCA SEM ASSENTO, INCLUSO CONJUNTO DE LIGAÇÃO PARA BACIA SANITÁRIA AJUSTÁVEL - FORNECIMENTO E INSTALAÇÃO. AF_01/2020","UN",2,{"v":603.4,"d":"603.40"},{"v":754,"d":"R$ 754.00"},{"v":1508,"d":"R$ 1,508.00"},{"v":0.007405944262313439,"d":"0.74 %"},null,{"v":0,"d":"0%"},0,null,{"v":0,"d":"0%"},0,null,{"v":0,"d":"0%"},0,null,{"v":0,"d":"0%"},0,null,{"v":0,"d":"0%"},0,0,{"v":0,"d":"0%"},0,{"v":2,"d":"2.00"},{"v":1,"d":"100%"},{"v":1508,"d":"R$ 1,508.00"}]
[" 5.5.3 "," 86903 ","SINAPI","LAVATÓRIO LOUÇA BRANCA COM COLUNA, 45 X 55CM OU EQUIVALENTE, PADRÃO MÉDIO - FORNECIMENTO E INSTALAÇÃO. AF_01/2020","UN",3,273.65,{"v":341.95,"d":"R$ 341.95"},{"v":1025.85,"d":"R$ 1,025.85"},{"v":0.00503805565085825,"d":"0.50 %"},null,{"v":0,"d":"0%"},0,null,{"v":0,"d":"0%"},0,null,{"v":0,"d":"0%"},0,null,{"v":0,"d":"0%"},0,null,{"v":0,"d":"0%"},0,0,{"v":0,"d":"0%"},0,{"v":3,"d":"3.00"},{"v":1,"d":"100%"},{"v":1025.85,"d":"R$ 1,025.85"}]
[" 5.5.4 "," 86882 ","SINAPI","SIFÃO DO TIPO GARRAFA/COPO EM PVC 1.1/4  X 1.1/2\u0094 - FORNECIMENTO E INSTALAÇÃO. AF_01/2020","UN",3,23.81,{"v":29.75,"d":"R$ 29.75"},{"v":89.25,"d":"R$ 89.25"},{"v":0.00043831599828347107,"d":"0.04 %"},null,{"v":0,"d":"0%"},0,null,{"v":0,"d":"0%"},0,null,{"v":0,"d":"0%"},0,null,{"v":0,"d":"0%"},0,null,{"v":0,"d":"0%"},0,0,{"v":0,"d":"0%"},0,{"v":3,"d":"3.00"},{"v":1,"d":"100%"},{"v":89.25,"d":"R$ 89.25"}]
[" 5.5.5 "," 86915 ","SINAPI","TORNEIRA CROMADA DE MESA, 1/2\u0094 OU 3/4\u0094, PARA LAVATÓRIO, PADRÃO MÉDIO - FORNECIMENTO E INSTALAÇÃO. AF_01/2020","UN",3,125.87,{"v":157.28,"d":"R$ 157.28"},{"v":471.84,"d":"R$ 471.84"},{"v":0.0023172551331100614,"d":"0.23 %"},null,{"v":0,"d":"0%"},0,null,{"v":0,"d":"0%"},0,null,{"v":0,"d":"0%"},0,null,{"v":0,"d":"0%"},0,null,{"v":0,"d":"0%"},0,0,{"v":0,"d":"0%"},0,{"v":3,"d":"3.00"},{"v":1,"d":"100%"},{"v":471.84,"d":"R$ 471.84"}]
[" 5.5.6 "," COMP HID 01SJ4M ","Próprio","BARRA DE APOIO PARA PORTADORES DE NECESSIDADES ESPECIAIS - LARGURA 90CM","UN",4,{"v":197.4,"d":"197.40"},{"v":246.67,"d":"R$ 246.67"},{"v":986.68,"d":"R$ 986.68"},{"v":0.004845687721975745,"d":"0.48 %"},null,{"v":0,"d":"0%"},0,null,{"v":0,"d":"0%"},0,null,{"v":0,"d":"0%"},0,null,{"v":0,"d":"0%"},0,null,{"v":0,"d":"0%"},0,0,{"v":0,"d":"0%"},0,{"v":4,"d":"4.00"},{"v":1,"d":"100%"},{"v":986.68,"d":"R$ 986.68"}]
[" 6 ","  ",null,"INSTALAÇÃO DE REDE DE ESGOTO E PLUVIAL",{"$nulls":4},{"v":22765.989999999998,"d":"R$ 22,765.99"},{"$nulls":3},0,null,null,0,null,null,{"v":18128.37,"d":"R$ 18,128.37"},null,null,0,null,null,0,null,null,{"v":18128.37,"d":"R$ 18,128.37"},null,null,{"v":4637.62,"d":"R$ 4,637.62"}]
[" 6.1 ","  ",null,"COMPOSIÇÕES REPRESENTATIVAS DE REDE DE ESGOTO",{"$nulls":4},{"v":2529.2200000000003,"d":"R$ 2,529.22"},{"v":0.012421261503400794,"d":"1.24 %"},null,null,{"v":0,"d":"0.00"},null,null,{"v":0,"d":"0.00"},null,null,{"v":1095.93,"d":"1,095.93"},null,null,{"v":0,"d":"0.00"},null,null,{"v":0,"d":"0.00"},null,null,{"v":1095.93,"d":"R$ 1,095.93"},null,null,{"v":1433.29,"d":"R$ 1,433.29"}]
[" 6.1.1 "," COMP 08 SJ4M ","Próprio","DO SERVIÇO DE INSTALAÇÃO DE TUBO DE PVC, SÉRIE NORMAL, ESGOTO PREDIAL, DN 40 MM (INSTALADO EM RAMAL DE DESCARGA OU RAMAL DE ESGOTO SANITÁRIO), INCLUSIVE CONEXÕES, CORTES E FIXAÇÕES, PARA PRÉDIOS.","M",0,56.74,{"v":70.9,"d":"R$ 70.90"},0,{"v":0,"d":"0.00 %"},null,{"v":0,"d":"0%"},0,null,{"v":0,"d":"0%"},0,null,{"v":0,"d":"0%"},0,null,{"v":0,"d":"0%"},0,null,{"v":0,"d":"0%"},0,0,{"v":0,"d":"0%"},0,0,{"v":0,"d":"0%"},0]
[" 6.1.2 "," COMP 09 SJ4M ","Próprio","SERVIÇO DE INSTALAÇÃO DE TUBO DE PVC, SÉRIE NORMAL, ESGOTO PREDIAL, DN 50 MM (INSTALADO EM RAMAL DE DESCARGA OU RAMAL DE ESGOTO SANITÁRIO), INCLUSIVE CONEXÕES, CORTES E FIXAÇÕES PARA, PRÉDIOS.","M",15.45,74.24,{"v":92.77,"d":"R$ 92.77"},{"v":1433.29,"d":"R$ 1,433.29"},{"v":0.007039035710697101,"d":"0.70 %"},null,{"v":0,"d":"0%"},0,null,{"v":0,"d":"0%"},0,null,{"v":0,"d":"0%"},0,null,{"v":0,"d":"0%"},0,null,{"v":0,"d":"0%"},0,0,{"v":0,"d":"0%"},0,15.45,{"v":1,"d":"100%"},{"v":1433.29,"d":"R$ 1,433.29"}]
[" 6.1.3 "," COMP 10 SJ4M ","Próprio","DO SERVIÇO DE INST. TUBO PVC, SÉRIE N, ESGOTO PREDIAL, 100 MM (INST. RAMAL DESCARGA, RAMAL DE ESG. SANIT., PRUMADA ESG. SANIT., VENTILAÇÃO OU SUB-COLETOR AÉREO), INCL. CONEXÕES E CORTES, FIXAÇÕES, P/ PRÉDIOS.","M",0,56.84,{"v":71.02,"d":"R$ 71.02"},0,{"v":0,"d":"0.00 %"},null,{"v":0,"d":"0%"},0,null,{"v":0,"d":"0%"},0,0,{"v":0,"d":"0%"},0,0,{"v":0,"d":"0%"},0,null,{"v":0,"d":"0%"},0,0,{"v":0,"d":"0%"},0,0,{"v":0,"d":"0%"},0]
[" 6.1.4 "," COMP 11 SJ4M ","Próprio","SERVIÇO DE INSTALAÇÃO DE TUBO DE PVC, SÉRIE NORMAL, ESGOTO PREDIAL, DN 150 MM (INSTALADO EM SUB-COLETOR AÉREO), INCLUSIVE CONEXÕES, CORTES E FIXAÇÕES, PARA PRÉDIOS.","M",14.82,59.18,{"v":73.95,"d":"R$ 73.95"},{"v":1095.93,"d":"R$ 1,095.93"},{"v":0.005382225792703691,"d":"0.54 %"},null,{"v":0,"d":"0%"},0,null,{"v":0,"d":"0%"},0,14.82,{"v":1,"d":"100%"},{"v":1095.93,"d":"R$ 1,095.93"},null,{"v":0,"d":"0%"},0,null,{"v":0,"d":"0%"},0,14.82,{"v":1,"d":"100%"},1095.93,0,{"v":0,"d":"0%"},0]
[" 6.2 ","  ",null,"CAIXAS DE PASSAGEM E SISTEMA DE TRATAMENTO DE ESGOTO",null,null,"",null,{"v":17032.44,"d":"R$ 17,032.44"},{"v":0.08364807777930895,"d":"8.36 %"},null,null,{"v":0,"d":"0.00"},null,null,{"v":0,"d":"0.00"},null,null,{"v":17032.44,"d":"17,032.44"},null,null,{"v":0,"d":"0.00"},null,null,{"v":0,"d":"0.00"},null,null,{"v":17032.44,"d":"R$ 17,032.44"},null,null,0]
[" 6.2.1 "," COMP 12 SJ4M ","Próprio","CAIXA DE INSPEÇÃO EM CONCRETO PRÉ-MOLDADO DN 60CM COM TAMPA H= 60CM - FORNECIMENTO E INSTALACAO","UN",3,155.33,{"v":194.1,"d":"R$ 194.10"},{"v":582.3,"d":"R$ 582.30"},{"v":0.0028597356392208984,"d":"0.29 %"},null,{"v":0,"d":"0%"},0,null,{"v":0,"d":"0%"},0,3,{"v":1,"d":"100%"},{"v":582.3,"d":"R$ 582.30"},null,{"v":0,"d":"0%"},0,null,{"v":0,"d":"0%"},0,3,{"v":1,"d":"100%"},582.3,0,{"v":0,"d":"0%"},0]
[" 6.2.2 "," 98084 ","SINAPI","TANQUE SÉPTICO RETANGULAR, EM ALVENARIA COM BLOCOS DE CONCRETO, DIMENSÕES INTERNAS: 1,4 X 3,2 X H=1,8 M, VOLUME ÚTIL: 6272 L (PARA 32 CONTRIBUINTES). AF_12/2020","UN",1,{"v":5454.56,"d":"5,454.56"},{"v":6816.01,"d":"R$ 6,816.01"},{"v":6816.01,"d":"R$ 6,816.01"},{"v":0.033474131400113405,"d":"3.35 %"},null,{"v":0,"d":"0%"},0,null,{"v":0,"d":"0%"},0,1,{"v":1,"d":"100%"},{"v":6816.01,"d":"R$ 6,816.01"},null,{"v":0,"d":"0%"},0,null,{"v":0,"d":"0%"},0,1,{"v":1,"d":"100%"},6816.01,0,{"v":0,"d":"0%"},0]
[" 6.2.3 "," 98073 ","SINAPI","FILTRO ANAERÓBIO RETANGULAR, EM ALVENARIA COM TIJOLOS CERÂMICOS MACIÇOS, DIMENSÕES INTERNAS: 1,2 X 1,8 X H=1,67 M, VOLUME ÚTIL: 2592 L (PARA 13 CONTRIBUINTES). AF_12/2020","UN",1,{"v":5103.37,"d":"5,103.37"},{"v":6377.17,"d":"R$ 6,377.17"},{"v":6377.17,"d":"R$ 6,377.17"},{"v":0.03131894268653673,"d":"3.13 %"},null,{"v":0,"d":"0%"},0,null,{"v":0,"d":"0%"},0,1,{"v":1,"d":"100%"},{"v":6377.17,"d":"R$ 6,377.17"},null,{"v":0,"d":"0%"},0,null,{"v":0,"d":"0%"},0,1,{"v":1,"d":"100%"},6377.17,0,{"v":0,"d":"0%"},0]
[" 6.2.4 "," 98062 ","SINAPI","SUMIDOURO CIRCULAR, EM CONCRETO PRÉ-MOLDADO, DIÂMETRO INTERNO = 1,88 M, ALTURA INTERNA = 2,00 M, ÁREA DE INFILTRAÇÃO: 13,1 M² (PARA 5 CONTRIBUINTES). AF_12/2020_PA","UN",1,{"v":2606.41,"d":"2,606.41"},{"v":3256.96,"d":"R$ 3,256.96"},{"v":3256.96,"d":"R$ 3,256.96"},{"v":0.015995268053437914,"d":"1.60 %"},null,{"v":0,"d":"0%"},0,null,{"v":0,"d":"0%"},0,1,{"v":1,"d":"100%"},{"v":3256.96,"d":"R$ 3,256.96"},null,{"v":0,"d":"0%"},0,null,{"v":0,"d":"0%"},0,1,{"v":1,"d":"100%"},3256.96,0,{"v":0,"d":"0%"},0]
[" 6.3 ","  ",null,"PLUVIAL",{"$nulls":4},{"v":3204.33,"d":"R$ 3,204.33"},{"v":0.01573679666980028,"d":"1.57 %"},null,null,{"v":0,"d":"0.00"},null,null,{"v":0,"d":"0.00"},null,null,{"v":0,"d":"0.00"},null,null,{"v":0,"d":"0.00"},null,null,{"v":0,"d":"0.00"},null,null,0,null,null,{"v":3204.33,"d":"R$ 3,204.33"}]
[" 6.3.1 "," 89578 ","SINAPI","TUBO PVC, SÉRIE R, ÁGUA PLUVIAL, DN 100 MM, FORNECIDO E INSTALADO EM CONDUTORES VERTICAIS DE ÁGUAS PLUVIAIS. AF_06/2022","M",43.2,25.72,{"v":32.13,"d":"R$ 32.13"},{"v":1388.01,"d":"R$ 1,388.01"},{"v":0.006816660938682809,"d":"0.68 %"},null,{"v":0,"d":"0%"},0,null,{"v":0,"d":"0%"},0,null,{"v":0,"d":"0%"},0,null,{"v":0,"d":"0%"},0,null,{"v":0,"d":"0%"},0,0,{"v":0,"d":"0%"},0,{"v":43.2,"d":"43.20"},{"v":1,"d":"100%"},{"v":1388.01,"d":"R$ 1,388.01"}]
[" 6.3.2 "," 95695 ","SINAPI","CURVA 90 GRAUS, PVC, SERIE R, ÁGUA PLUVIAL, DN 100 MM, JUNTA ELÁSTICA, FORNECIDO E INSTALADO EM CONDUTORES VERTICAIS DE ÁGUAS PLUVIAIS. AF_06/2022","UN",24,46.52,{"v":58.13,"d":"R$ 58.13"},{"v":1395.12,"d":"R$ 1,395.12"},{"v":0.00685157888543682,"d":"0.69 %"},null,{"v":0,"d":"0%"},0,null,{"v":0,"d":"0%"},0,null,{"v":0,"d":"0%"},0,null,{"v":0,"d":"0%"},0,null,{"v":0,"d":"0%"},0,0,{"v":0,"d":"0%"},0,{"v":24,"d":"24.00"},{"v":1,"d":"100%"},{"v":1395.12,"d":"R$ 1,395.12"}]
[" 6.3.3 "," 91175 ","SINAPI","FIXAÇÃO DE TUBOS VERTICAIS DE PVC ÁGUA, PVC ESGOTO, PVC ÁGUA PLUVIAL, CPVC, PPR, COBRE OU AÇO, DIÂMETROS MAIORES QUE 75 MM E MENORES OU IGUAIS A 100 MM, COM ABRAÇADEIRA METÁLICA RÍGIDA TIPO U PERFIL 4\u0094, FIXADA EM PERFILADO EM PAREDE. AF_09/2023_PS","M",43.2,7.81,{"v":9.75,"d":"R$ 9.75"},{"v":421.2,"d":"R$ 421.20"},{"v":0.00206855684568065,"d":"0.21 %"},null,{"v":0,"d":"0%"},0,null,{"v":0,"d":"0%"},0,null,{"v":0,"d":"0%"},0,null,{"v":0,"d":"0%"},0,null,{"v":0,"d":"0%"},0,0,{"v":0,"d":"0%"},0,{"v":43.2,"d":"43.20"},{"v":1,"d":"100%"},{"v":421.2,"d":"R$ 421.20"}]
[" 7 ","  ",null,"ARQUITETÔNICO",{"$nulls":4},{"v":140512.88999999998,"d":"R$ 140,512.89"},{"$nulls":3},{"v":16537.03,"d":"R$ 16,537.03"},null,null,{"v":16042.18,"d":"R$ 16,042.18"},null,null,0,null,null,{"v":8961.449999999999,"d":"R$ 8,961.45"},null,null,{"v":17283.739999999998,"d":"R$ 17,283.74"},null,null,{"v":58824.399999999994,"d":"R$ 58,824.40"},null,null,{"v":81688.48999999999,"d":"R$ 81,688.49"}]
[" 7.1 ","  ",null,"FECHAMENTOS",{"$nulls":4},{"v":6688.84,"d":"R$ 6,688.84"},{"v":0.032849586352475216,"d":"3.28 %"},null,null,{"v":0,"d":"0.00"},null,null,{"v":0,"d":"0.00"},null,null,{"v":0,"d":"0.00"},null,null,{"v":4653.9,"d":"4,653.90"},null,null,{"v":0,"d":"0.00"},null,null,{"v":4653.9,"d":"R$ 4,653.90"},null,null,{"v":2034.94,"d":"R$ 2,034.94"}]
[" 7.1.1 "," 87519 ","SINAPI","ALVENARIA DE VEDAÇÃO DE BLOCOS CERÂMICOS FURADOS NA HORIZONTAL DE 9X19X19CM (ESPESSURA 9CM) DE PAREDES COM ÁREA LÍQUIDA MAIOR OU IGUAL A 6M² COM VÃOS E ARGAMASSA DE ASSENTAMENTO COM PREPARO EM BETONEIRA. AF_06/2014","m²",129.2,{"v":0,"d":"0.00"},0,0,{"v":0,"d":"0.00 %"},null,{"v":0,"d":"0%"},0,null,{"v":0,"d":"0%"},0,null,{"v":0,"d":"0%"},0,null,{"v":0,"d":"0%"},0,null,{"v":0,"d":"0%"},0,0,{"v":0,"d":"0%"},0,0,{"v":0,"d":"0%"},0]
[" 7.1.2 "," 87775 ","SINAPI","EMBOÇO OU MASSA ÚNICA EM ARGAMASSA TRAÇO 1:2:8, PREPARO MECÂNICO COM BETONEIRA 400 L, APLICADA MANUALMENTE EM PANOS DE FACHADA COM PRESENÇA DE VÃOS, ESPESSURA DE 25 MM. AF_08/2022","m²",92.12,40.43,{"v":50.52,"d":"R$ 50.52"},{"v":4653.9,"d":"R$ 4,653.90"},{"v":0.02285578514746718,"d":"2.29 %"},null,{"v":0,"d":"0%"},0,null,{"v":0,"d":"0%"},0,null,{"v":0,"d":"0%"},0,92.12,{"v":1,"d":"100%"},{"v":4653.9,"d":"R$ 4,653.90"},null,{"v":0,"d":"0%"},0,92.12,{"v":1,"d":"100%"},4653.9,0,{"v":0,"d":"0%"},0]
[" 7.1.3 "," 87536 ","SINAPI","EMBOÇO, PARA RECEBIMENTO DE CERÂMICA, EM ARGAMASSA TRAÇO 1:2:8, PREPARO MANUAL, APLICADO MANUALMENTE EM FACES INTERNAS DE PAREDES, PARA AMBIENTE COM ÁREA  MAIOR QUE 10M2, ESPESSURA DE 20MM, COM EXECUÇÃO DE TALISCAS. AF_06/2014","m²",55.63,29.28,{"v":36.58,"d":"R$ 36.58"},{"v":2034.94,"d":"R$ 2,034.94"},{"v":0.00999380120500803,"d":"1.00 %"},null,{"v":0,"d":"0%"},0,null,{"v":0,"d":"0%"},0,null,{"v":0,"d":"0%"},0,null,{"v":0,"d":"0%"},0,null,{"v":0,"d":"0%"},0,0,{"v":0,"d":"0%"},0,55.63,{"v":1,"d":"100%"},{"v":2034.94,"d":"R$ 2,034.94"}]
[" 7.2 ","  ",null,"PINTURAS E REVESTIMENTOS DE PAREDES",{"$nulls":4},{"v":39845.409999999996,"d":"R$ 39,845.41"},{"v":0.19568493737999104,"d":"19.57 %"},null,null,{"v":0,"d":"0.00"},null,null,{"v":0,"d":"0.00"},null,null,{"v":0,"d":"0.00"},null,null,{"v":2602.94,"d":"2,602.94"},null,null,{"v":0,"d":"0.00"},null,null,{"v":2602.94,"d":"R$ 2,602.94"},null,null,{"v":37242.469999999994,"d":"R$ 37,242.47"}]
[" 7.2.1 "," 88485 ","SINAPI","FUNDO SELADOR ACRÍLICO, APLICAÇÃO MANUAL EM PAREDE, UMA DEMÃO. AF_04/2023","m²",850.636,2.45,{"v":3.06,"d":"R$ 3.06"},{"v":2602.94,"d":"R$ 2,602.94"},{"v":0.012783308062431128,"d":"1.28 %"},null,{"v":0,"d":"0%"},0,null,{"v":0,"d":"0%"},0,null,{"v":0,"d":"0%"},0,850.636,{"v":1,"d":"100%"},{"v":2602.94,"d":"R$ 2,602.94"},null,{"v":0,"d":"0%"},0,850.636,{"v":1,"d":"100%"},2602.94,0,{"v":0,"d":"0%"},0]
[" 7.2.2 "," 88497 ","SINAPI","EMASSAMENTO COM MASSA LÁTEX, APLICAÇÃO EM PAREDE, DUAS DEMÃOS, LIXAMENTO MANUAL. AF_04/2023","m²",411.66,{"v":12.9,"d":"12.90"},{"v":16.11,"d":"R$ 16.11"},{"v":6631.84,"d":"R$ 6,631.84"},{"v":0.032569653446008456,"d":"3.26 %"},null,{"v":0,"d":"0%"},0,null,{"v":0,"d":"0%"},0,null,{"v":0,"d":"0%"},0,null,{"v":0,"d":"0%"},0,null,{"v":0,"d":"0%"},0,0,{"v":0,"d":"0%"},0,411.66,{"v":1,"d":"100%"},{"v":6631.84,"d":"R$ 6,631.84"},null,{"v":32711.929999999997,"d":"R$ 32,711.93"}]
[" 7.2.3 "," 96135 ","SINAPI","APLICAÇÃO MANUAL DE MASSA ACRÍLICA EM PAREDES EXTERNAS DE CASAS, DUAS DEMÃOS. AF_05/2017","m²",438.976,21.57,{"v":26.95,"d":"R$ 26.95"},{"v":11830.4,"d":"R$ 11,830.40"},{"v":0.05810032029235603,"d":"5.81 %"},null,{"v":0,"d":"0%"},0,null,{"v":0,"d":"0%"},0,null,{"v":0,"d":"0%"},0,null,{"v":0,"d":"0%"},0,null,{"v":0,"d":"0%"},0,0,{"v":0,"d":"0%"},0,{"v":438.976,"d":"438.98"},{"v":1,"d":"100%"},{"v":11830.4,"d":"R$ 11,830.40"}]
[" 7.2.4 "," 88489 ","SINAPI","PINTURA LÁTEX ACRÍLICA PREMIUM, APLICAÇÃO MANUAL EM PAREDES, DUAS DEMÃOS. AF_04/2023","m²",411.66,9.12,{"v":11.39,"d":"R$ 11.39"},{"v":4688.8,"d":"R$ 4,688.80"},{"v":0.023027182663882793,"d":"2.30 %"},null,{"v":0,"d":"0%"},0,null,{"v":0,"d":"0%"},0,null,{"v":0,"d":"0%"},0,null,{"v":0,"d":"0%"},0,null,{"v":0,"d":"0%"},0,0,{"v":0,"d":"0%"},0,411.66,{"v":1,"d":"100%"},{"v":4688.8,"d":"R$ 4,688.80"}]
[" 7.2.5 "," 88431 ","SINAPI","APLICAÇÃO MANUAL DE PINTURA COM TINTA TEXTURIZADA ACRÍLICA EM PAREDES EXTERNAS DE CASAS, DUAS CORES. AF_06/2014","m²",438.976,17.43,{"v":21.78,"d":"R$ 21.78"},{"v":9560.89,"d":"R$ 9,560.89"},{"v":0.046954521510682974,"d":"4.70 %"},null,{"v":0,"d":"0%"},0,null,{"v":0,"d":"0%"},0,null,{"v":0,"d":"0%"},0,null,{"v":0,"d":"0%"},0,null,{"v":0,"d":"0%"},0,0,{"v":0,"d":"0%"},0,{"v":438.976,"d":"438.98"},{"v":1,"d":"100%"},{"v":9560.89,"d":"R$ 9,560.89"}]
[" 7.2.6 "," 87273 ","SINAPI","REVESTIMENTO CERÂMICO PARA PAREDES INTERNAS COM PLACAS TIPO ESMALTADA EXTRA  DE DIMENSÕES 33X45 CM APLICADAS NA ALTURA INTEIRA DAS PAREDES. AF_02/2023_PE","m²",64.4,{"v":56.3,"d":"56.30"},{"v":70.35,"d":"R$ 70.35"},{"v":4530.54,"d":"R$ 4,530.54"},{"v":0.022249951404629657,"d":"2.22 %"},null,{"v":0,"d":"0%"},0,null,{"v":0,"d":"0%"},0,null,{"v":0,"d":"0%"},0,null,{"v":0,"d":"0%"},0,null,{"v":0,"d":"0%"},0,0,{"v":0,"d":"0%"},0,{"v":64.4,"d":"64.40"},{"v":1,"d":"100%"},{"v":4530.54,"d":"R$ 4,530.54"}]
[" 7.3 ","  ",null,"LAJES E FORROS",{"$nulls":4},{"v":19328.02,"d":"R$ 19,328.02"},{"v":0.0949219090324134,"d":"9.49 %"},null,null,{"v":0,"d":"0.00"},null,null,{"v":0,"d":"0.00"},null,null,{"v":0,"d":"0.00"},null,null,{"v":0,"d":"0.00"},null,null,{"v":16672.13,"d":"16,672.13"},null,null,{"v":16672.13,"d":"R$ 16,672.13"},null,null,{"v":2655.89,"d":"R$ 2,655.89"}]
[" 7.3.1 "," 90406 ","SINAPI","MASSA ÚNICA, PARA RECEBIMENTO DE PINTURA, EM ARGAMASSA TRAÇO 1:2:8, PREPARO MECÂNICO COM BETONEIRA 400L, APLICADA MANUALMENTE EM TETO, ESPESSURA DE 20MM, COM EXECUÇÃO DE TALISCAS. AF_03/2015","m²",28.9,37.25,{"v":46.54,"d":"R$ 46.54"},{"v":1345,"d":"R$ 1,345.00"},{"v":0.0066054343718909645,"d":"0.66 %"},null,{"v":0,"d":"0%"},0,null,{"v":0,"d":"0%"},0,null,{"v":0,"d":"0%"},0,null,{"v":0,"d":"0%"},0,null,{"v":0,"d":"0%"},0,0,{"v":0,"d":"0%"},0,{"v":28.9,"d":"28.90"},{"v":1,"d":"100%"},{"v":1345,"d":"R$ 1,345.00"}]
[" 7.3.2 "," 88484 ","SINAPI","FUNDO SELADOR ACRÍLICO, APLICAÇÃO MANUAL EM TETO, UMA DEMÃO. AF_04/2023","m²",28.9,3.11,{"v":3.88,"d":"R$ 3.88"},{"v":112.13,"d":"R$ 112.13"},{"v":0.0005506820491599508,"d":"0.06 %"},null,{"v":0,"d":"0%"},0,null,{"v":0,"d":"0%"},0,null,{"v":0,"d":"0%"},0,null,{"v":0,"d":"0%"},0,null,{"v":0,"d":"0%"},0,0,{"v":0,"d":"0%"},0,{"v":28.9,"d":"28.90"},{"v":1,"d":"100%"},{"v":112.13,"d":"R$ 112.13"}]
[" 7.3.3 "," 88496 ","SINAPI","EMASSAMENTO COM MASSA LÁTEX, APLICAÇÃO EM TETO, DUAS DEMÃOS, LIXAMENTO MANUAL. AF_04/2023","m²",28.9,22.46,{"v":28.06,"d":"R$ 28.06"},{"v":810.93,"d":"R$ 810.93"},{"v":0.003982561260369918,"d":"0.40 %"},null,{"v":0,"d":"0%"},0,null,{"v":0,"d":"0%"},0,null,{"v":0,"d":"0%"},0,null,{"v":0,"d":"0%"},0,null,{"v":0,"d":"0%"},0,0,{"v":0,"d":"0%"},0,{"v":28.9,"d":"28.90"},{"v":1,"d":"100%"},{"v":810.93,"d":"R$ 810.93"}]
[" 7.3.4 "," 88488 ","SINAPI","PINTURA LÁTEX ACRÍLICA PREMIUM, APLICAÇÃO MANUAL EM TETO, DUAS DEMÃOS. AF_04/2023","m²",28.9,10.74,{"v":13.42,"d":"R$ 13.42"},{"v":387.83,"d":"R$ 387.83"},{"v":0.001904673317807043,"d":"0.19 %"},null,{"v":0,"d":"0%"},0,null,{"v":0,"d":"0%"},0,null,{"v":0,"d":"0%"},0,null,{"v":0,"d":"0%"},0,null,{"v":0,"d":"0%"},0,0,{"v":0,"d":"0%"},0,{"v":28.9,"d":"28.90"},{"v":1,"d":"100%"},{"v":387.83,"d":"R$ 387.83"}]
[" 7.3.5 "," 96116 ","SINAPI","FORRO EM RÉGUAS DE PVC, FRISADO, PARA AMBIENTES COMERCIAIS, INCLUSIVE ESTRUTURA BIDIRECIONAL DE FIXAÇÃO. AF_08/2023_PS","m²",240.8,49.92,{"v":62.38,"d":"R$ 62.38"},{"v":15021.1,"d":"R$ 15,021.10"},{"v":0.07377017861978541,"d":"7.38 %"},null,{"v":0,"d":"0%"},0,null,{"v":0,"d":"0%"},0,null,{"v":0,"d":"0%"},0,null,{"v":0,"d":"0%"},0,240.8,{"v":1,"d":"100%"},{"v":15021.1,"d":"R$ 15,021.10"},240.8,{"v":1,"d":"100%"},15021.1,0,{"v":0,"d":"0%"},0]
[" 7.3.6 "," 96121 ","SINAPI","ACABAMENTOS PARA FORRO (RODA-FORRO EM PERFIL METÁLICO E PLÁSTICO). AF_08/2023","M",147.02,8.99,{"v":11.23,"d":"R$ 11.23"},{"v":1651.03,"d":"R$ 1,651.03"},{"v":0.008108379413400103,"d":"0.81 %"},null,{"v":0,"d":"0%"},0,null,{"v":0,"d":"0%"},0,null,{"v":0,"d":"0%"},0,null,{"v":0,"d":"0%"},0,147.02,{"v":1,"d":"100%"},{"v":1651.03,"d":"R$ 1,651.03"},147.02,{"v":1,"d":"100%"},1651.03,0,{"v":0,"d":"0%"},0]
[" 7.4 ","  ",null,"PISOS E CALÇADAS",{"$nulls":4},{"v":34942.88,"d":"R$ 34,942.88"},{"v":0.17160810453893038,"d":"17.16 %"},null,null,{"v":14221.9,"d":"14,221.90"},null,null,{"v":0,"d":"0.00"},null,null,{"v":0,"d":"0.00"},null,null,{"v":1703.62,"d":"1,703.62"},null,null,{"v":611.6,"d":"611.60"},null,null,{"v":16537.12,"d":"R$ 16,537.12"},null,null,{"v":18405.759999999995,"d":"R$ 18,405.76"}]
[" 7.4.1 "," 94990 ","SINAPI","EXECUÇÃO DE PASSEIO (CALÇADA) OU PISO DE CONCRETO COM CONCRETO MOLDADO IN LOCO, FEITO EM OBRA, ACABAMENTO CONVENCIONAL, NÃO ARMADO. AF_08/2022","m³",2.02,674.92,{"v":843.38,"d":"R$ 843.38"},{"v":1703.62,"d":"R$ 1,703.62"},{"v":0.008366654352892852,"d":"0.84 %"},null,{"v":0,"d":"0%"},0,null,{"v":0,"d":"0%"},0,null,{"v":0,"d":"0%"},0,2.02,{"v":1,"d":"100%"},{"v":1703.62,"d":"R$ 1,703.62"},null,{"v":0,"d":"0%"},0,2.02,{"v":1,"d":"100%"},1703.62,0,{"v":0,"d":"0%"},0]
[" 7.4.2 "," 87700 ","SINAPI","CONTRAPISO EM ARGAMASSA TRAÇO 1:4 (CIMENTO E AREIA), PREPARO MECÂNICO COM BETONEIRA 400 L, APLICADO EM ÁREAS SECAS SOBRE LAJE, NÃO ADERIDO, ACABAMENTO NÃO REFORÇADO, ESPESSURA 6CM. AF_07/2021","m²",269.7,44.02,{"v":55,"d":"R$ 55.00"},{"v":14833.5,"d":"R$ 14,833.50"},{"v":0.07284885558025622,"d":"7.28 %"},258.58,{"v":0.9587690025954765,"d":"95.9%"},{"v":14221.9,"d":"R$ 14,221.90"},null,{"v":0,"d":"0.0%"},0,null,{"v":0,"d":"0.0%"},0,null,{"v":0,"d":"0.0%"},0,11.120000000000005,{"v":0.041230997404523545,"d":"4.1%"},{"v":611.6,"d":"R$ 611.60"},269.7,{"v":1,"d":"100%"},14833.5,0,{"v":0,"d":"0%"},0]
[" 7.4.3 "," 87251 ","SINAPI","REVESTIMENTO CERÂMICO PARA PISO COM PLACAS TIPO ESMALTADA EXTRA DE DIMENSÕES 45X45 CM APLICADA EM AMBIENTES DE ÁREA MAIOR QUE 10 M2. AF_02/2023_PE","m²",269.7,44.94,{"v":56.15,"d":"R$ 56.15"},{"v":15143.65,"d":"R$ 15,143.65"},{"v":0.07437203436868893,"d":"7.44 %"},null,{"v":0,"d":"0%"},0,null,{"v":0,"d":"0%"},0,null,{"v":0,"d":"0%"},0,null,{"v":0,"d":"0%"},0,null,{"v":0,"d":"0%"},0,0,{"v":0,"d":"0%"},0,{"v":269.7,"d":"269.70"},{"v":1,"d":"100%"},{"v":15143.65,"d":"R$ 15,143.65"}]
[" 7.4.4 "," 88649 ","SINAPI","RODAPÉ CERÂMICO DE 7CM DE ALTURA COM PLACAS TIPO ESMALTADA EXTRA DE DIMENSÕES 45X45CM. AF_02/2023","M",161.27,7.01,{"v":8.75,"d":"R$ 8.75"},{"v":1411.11,"d":"R$ 1,411.11"},{"v":0.006930107432356177,"d":"0.69 %"},null,{"v":0,"d":"0%"},0,null,{"v":0,"d":"0%"},0,null,{"v":0,"d":"0%"},0,null,{"v":0,"d":"0%"},0,null,{"v":0,"d":"0%"},0,0,{"v":0,"d":"0%"},0,161.27,{"v":1,"d":"100%"},{"v":1411.11,"d":"R$ 1,411.11"}]
[" 7.4.5 "," COMP 13 SJ4M ","Próprio","PINTURA ACRILICA EM PISO CIMENTADO DUAS DEMAOS","M²",33.68,{"v":13.3,"d":"13.30"},{"v":16.61,"d":"R$ 16.61"},{"v":559.42,"d":"R$ 559.42"},{"v":0.0027473695883444187,"d":"0.27 %"},null,{"v":0,"d":"0%"},0,null,{"v":0,"d":"0%"},0,null,{"v":0,"d":"0%"},0,null,{"v":0,"d":"0%"},0,null,{"v":0,"d":"0%"},0,0,{"v":0,"d":"0%"},0,33.68,{"v":1,"d":"100%"},{"v":559.42,"d":"R$ 559.42"}]
[" 7.4.6 "," 101094 ","SINAPI","PISO PODOTÁTIL DE ALERTA OU DIRECIONAL, DE BORRACHA, ASSENTADO SOBRE ARGAMASSA. AF_05/2020","M",7.25,142.57,{"v":178.15,"d":"R$ 178.15"},{"v":1291.58,"d":"R$ 1,291.58"},{"v":0.006343083216391771,"d":"0.63 %"},null,{"v":0,"d":"0%"},0,null,{"v":0,"d":"0%"},0,null,{"v":0,"d":"0%"},0,null,{"v":0,"d":"0%"},0,null,{"v":0,"d":"0%"},0,0,{"v":0,"d":"0%"},0,7.25,{"v":1,"d":"100%"},{"v":1291.58,"d":"R$ 1,291.58"}]
[" 7.5 ","  ",null,"COBERTURA",null,null,"",null,{"v":20058.43,"d":"R$ 20,058.43"},{"v":0.09850902822912186,"d":"9.85 %"},null,null,{"v":2315.13,"d":"2,315.13"},null,null,{"v":16042.18,"d":"16,042.18"},null,null,{"v":0,"d":"0.00"},null,null,0.99,null,null,0.01,null,null,{"v":18358.31,"d":"R$ 18,358.31"},null,null,{"v":1700.12,"d":"R$ 1,700.12"}]
[" 7.5.1 "," 94231 ","SINAPI","RUFO EM CHAPA DE AÇO GALVANIZADO NÚMERO 24, CORTE DE 25 CM, INCLUSO TRANSPORTE VERTICAL. AF_07/2019","M",30.3,44.91,{"v":56.11,"d":"R$ 56.11"},{"v":1700.13,"d":"R$ 1,700.13"},{"v":0.00834951460125129,"d":"0.83 %"},null,{"v":0,"d":"0%"},0,null,{"v":0,"d":"0%"},0,null,{"v":0,"d":"0%"},0,null,{"v":0,"d":"0%"},0,null,{"v":0,"d":"0%"},0,0,{"v":0,"d":"0%"},0,{"v":30.3,"d":"30.30"},{"v":1,"d":"100%"},{"v":1700.13,"d":"R$ 1,700.13"}]
[" 7.5.2 "," 94228 ","SINAPI","CALHA EM CHAPA DE AÇO GALVANIZADO NÚMERO 24, DESENVOLVIMENTO DE 50 CM, INCLUSO TRANSPORTE VERTICAL. AF_07/2019","M",34.3,75.28,{"v":94.06,"d":"R$ 94.06"},{"v":3226.25,"d":"R$ 3,226.25"},{"v":0.015844448061199425,"d":"1.58 %"},null,{"v":0,"d":"0%"},0,34.3,{"v":1,"d":"100%"},{"v":3226.25,"d":"R$ 3,226.25"},null,{"v":0,"d":"0%"},0,null,{"v":0,"d":"0%"},0,null,{"v":0,"d":"0%"},0,34.3,{"v":1,"d":"100%"},3226.25,0,{"v":0,"d":"0%"},0]
[" 7.5.3 "," 94207 ","SINAPI","TELHAMENTO COM TELHA ONDULADA DE FIBROCIMENTO E = 6 MM, COM RECOBRIMENTO LATERAL DE 1/4 DE ONDA PARA TELHADO COM INCLINAÇÃO MAIOR QUE 10°, COM ATÉ 2 ÁGUAS, INCLUSO IÇAMENTO. AF_07/2019","m²",259.82,39.48,{"v":49.33,"d":"R$ 49.33"},{"v":12816.92,"d":"R$ 12,816.92"},{"v":0.06294522223775223,"d":"6.29 %"},null,{"v":0,"d":"0%"},0,259.8,{"v":0.9999227583538011,"d":"100%"},{"v":12815.93,"d":"R$ 12,815.93"},null,{"v":0,"d":"0%"},0,0.02,{"v":7.724164619893079e-05,"d":"0%"},{"v":0.99,"d":"R$ 0.99"},null,{"v":7.802186484740484e-07,"d":"0%"},{"v":0.01,"d":"R$ 0.01"},259.82,{"v":1.0000007802186486,"d":"100%"},12816.93,0,{"v":-7.802186484910788e-07,"d":"-0%"},{"v":-0.010000000000218279,"d":"-R$ 0.01"}]
[" 7.5.4 "," COMP EST01 SJ4M ","Próprio","FORNECIMENTO E INSTALAÇÃO DE TESOURA METÁLICA, COM VÃO DE 15M, UTILIZAÇÃO DE PERFIS DE CHAPA LAMINADA E DOBRADA EM AÇO ASTM A36, CONFORME PROJETO. REF.: SIURB - SP - CÓDIGO 15505","M²",0,{"v":1598.82,"d":"1,598.82"},{"v":1997.88,"d":"R$ 1,997.88"},0,{"v":0,"d":"0.00 %"},null,{"v":0,"d":"0%"},0,null,{"v":0,"d":"0%"},0,null,{"v":0,"d":"0%"},0,null,{"v":0,"d":"0%"},0,null,{"v":0,"d":"0%"},0,0,{"v":0,"d":"0%"},0,0,{"v":0,"d":"0%"},0]
[" 7.5.5 "," 92580 ","SINAPI","TRAMA DE AÇO COMPOSTA POR TERÇAS PARA TELHADOS DE ATÉ 2 ÁGUAS PARA TELHA ONDULADA DE FIBROCIMENTO, METÁLICA, PLÁSTICA OU TERMOACÚSTICA, INCLUSO TRANSPORTE VERTICAL. AF_07/2019","m²",49.82,37.19,{"v":46.47,"d":"R$ 46.47"},{"v":2315.13,"d":"R$ 2,315.13"},{"v":0.011369843328918905,"d":"1.14 %"},49.82,{"v":1,"d":"100%"},{"v":2315.13,"d":"R$ 2,315.13"},null,{"v":0,"d":"0%"},0,null,{"v":0,"d":"0%"},0,null,{"v":0,"d":"0%"},0,null,{"v":0,"d":"0%"},0,49.82,{"v":1,"d":"100%"},2315.13,0,{"v":0,"d":"0%"},0]
[" 7.6 ","  ",null,"ESQUADRIAS",{"$nulls":4},{"v":19649.309999999998,"d":"R$ 19,649.31"},{"v":0.09649979751519766,"d":"9.65 %"},null,null,{"v":0,"d":"0.00"},null,null,{"v":0,"d":"0.00"},null,null,{"v":0,"d":"0.00"},null,null,{"v":0,"d":"0.00"},null,null,{"v":0,"d":"0.00"},null,null,0,null,null,{"v":19649.309999999998,"d":"R$ 19,649.31"}]
[" 7.6.1 "," 94569 ","SINAPI","JANELA DE ALUMÍNIO TIPO MAXIM-AR, COM VIDROS, BATENTE E FERRAGENS. EXCLUSIVE ALIZAR, ACABAMENTO E CONTRAMARCO. FORNECIMENTO E INSTALAÇÃO. AF_12/2019","m²",1.38,516.45,{"v":645.35,"d":"R$ 645.35"},{"v":890.58,"d":"R$ 890.58"},{"v":0.004373730663880041,"d":"0.44 %"},null,{"v":0,"d":"0%"},0,null,{"v":0,"d":"0%"},0,null,{"v":0,"d":"0%"},0,null,{"v":0,"d":"0%"},0,null,{"v":0,"d":"0%"},0,0,{"v":0,"d":"0%"},0,1.38,{"v":1,"d":"100%"},{"v":890.58,"d":"R$ 890.58"}]
[" 7.6.2 "," 94573 ","SINAPI","JANELA DE ALUMÍNIO DE CORRER COM 4 FOLHAS PARA VIDROS, COM VIDROS, BATENTE, ACABAMENTO COM ACETATO OU BRILHANTE E FERRAGENS. EXCLUSIVE ALIZAR E CONTRAMARCO. FORNECIMENTO E INSTALAÇÃO. AF_12/2019","m²",6.48,309.71,{"v":387.01,"d":"R$ 387.01"},{"v":2507.82,"d":"R$ 2,507.82"},{"v":0.012316163885885203,"d":"1.23 %"},null,{"v":0,"d":"0%"},0,null,{"v":0,"d":"0%"},0,null,{"v":0,"d":"0%"},0,null,{"v":0,"d":"0%"},0,null,{"v":0,"d":"0%"},0,0,{"v":0,"d":"0%"},0,6.48,{"v":1,"d":"100%"},{"v":2507.82,"d":"R$ 2,507.82"}]
[" 7.6.3 "," 100674 ","SINAPI","JANELA FIXA DE ALUMÍNIO PARA VIDRO, COM VIDRO, BATENTE E FERRAGENS. EXCLUSIVE ACABAMENTO, ALIZAR E CONTRAMARCO. FORNECIMENTO E INSTALAÇÃO. AF_12/2019","m²",2.7,557.65,{"v":696.83,"d":"R$ 696.83"},{"v":1881.44,"d":"R$ 1,881.44"},{"v":0.009239946798996682,"d":"0.92 %"},null,{"v":0,"d":"0%"},0,null,{"v":0,"d":"0%"},0,null,{"v":0,"d":"0%"},0,null,{"v":0,"d":"0%"},0,null,{"v":0,"d":"0%"},0,0,{"v":0,"d":"0%"},0,{"v":2.7,"d":"2.70"},{"v":1,"d":"100%"},{"v":1881.44,"d":"R$ 1,881.44"}]
[" 7.6.4 "," 94570 ","SINAPI","JANELA DE ALUMÍNIO DE CORRER COM 2 FOLHAS PARA VIDROS, COM VIDROS, BATENTE, ACABAMENTO COM ACETATO OU BRILHANTE E FERRAGENS. EXCLUSIVE ALIZAR E CONTRAMARCO. FORNECIMENTO E INSTALAÇÃO. AF_12/2019","m²",1.8,268.11,{"v":335.03,"d":"R$ 335.03"},{"v":603.05,"d":"R$ 603.05"},{"v":0.0029616410393820416,"d":"0.30 %"},null,{"v":0,"d":"0%"},0,null,{"v":0,"d":"0%"},0,null,{"v":0,"d":"0%"},0,null,{"v":0,"d":"0%"},0,null,{"v":0,"d":"0%"},0,0,{"v":0,"d":"0%"},0,{"v":1.8,"d":"1.80"},{"v":1,"d":"100%"},{"v":603.05,"d":"R$ 603.05"}]
[" 7.6.5 "," 90795 ","SINAPI","KIT DE PORTA-PRONTA DE MADEIRA EM ACABAMENTO MELAMÍNICO BRANCO, FOLHA LEVE OU MÉDIA, E BATENTE METÁLICO, 70X210CM, FIXAÇÃO COM ARGAMASSA - FORNECIMENTO E INSTALAÇÃO. AF_12/2019","UN",1,629.41,{"v":786.51,"d":"R$ 786.51"},{"v":786.51,"d":"R$ 786.51"},{"v":0.0038626321099152136,"d":"0.39 %"},null,{"v":0,"d":"0%"},0,null,{"v":0,"d":"0%"},0,null,{"v":0,"d":"0%"},0,null,{"v":0,"d":"0%"},0,null,{"v":0,"d":"0%"},0,0,{"v":0,"d":"0%"},0,{"v":1,"d":"1.00"},{"v":1,"d":"100%"},{"v":786.51,"d":"R$ 786.51"}]
[" 7.6.6 "," 90796 ","SINAPI","KIT DE PORTA-PRONTA DE MADEIRA EM ACABAMENTO MELAMÍNICO BRANCO, FOLHA LEVE OU MÉDIA, E BATENTE METÁLICO, 80X210CM, FIXAÇÃO COM ARGAMASSA - FORNECIMENTO E INSTALAÇÃO. AF_12/2019","UN",2,634.62,{"v":793.02,"d":"R$ 793.02"},{"v":1586.04,"d":"R$ 1,586.04"},{"v":0.007789206788991781,"d":"0.78 %"},null,{"v":0,"d":"0%"},0,null,{"v":0,"d":"0%"},0,null,{"v":0,"d":"0%"},0,null,{"v":0,"d":"0%"},0,null,{"v":0,"d":"0%"},0,0,{"v":0,"d":"0%"},0,{"v":2,"d":"2.00"},{"v":1,"d":"100%"},{"v":1586.04,"d":"R$ 1,586.04"}]
[" 7.6.7 "," 90797 ","SINAPI","KIT DE PORTA-PRONTA DE MADEIRA EM ACABAMENTO MELAMÍNICO BRANCO, FOLHA LEVE OU MÉDIA, E BATENTE METÁLICO, 90X210CM, FIXAÇÃO COM ARGAMASSA - FORNECIMENTO E INSTALAÇÃO. AF_12/2019","UN",4,639.86,{"v":799.56,"d":"R$ 799.56"},{"v":3198.24,"d":"R$ 3,198.24"},{"v":0.015706888048740937,"d":"1.57 %"},null,{"v":0,"d":"0%"},0,null,{"v":0,"d":"0%"},0,null,{"v":0,"d":"0%"},0,null,{"v":0,"d":"0%"},0,null,{"v":0,"d":"0%"},0,0,{"v":0,"d":"0%"},0,{"v":4,"d":"4.00"},{"v":1,"d":"100%"},{"v":3198.24,"d":"R$ 3,198.24"}]
[" 7.6.8 "," 90831 ","SINAPI","FECHADURA DE EMBUTIR PARA PORTA DE BANHEIRO, COMPLETA, ACABAMENTO PADRÃO MÉDIO, INCLUSO EXECUÇÃO DE FURO - FORNECIMENTO E INSTALAÇÃO. AF_12/2019","UN",3,127.65,{"v":159.51,"d":"R$ 159.51"},{"v":478.53,"d":"R$ 478.53"},{"v":0.0023501104163427384,"d":"0.24 %"},null,{"v":0,"d":"0%"},0,null,{"v":0,"d":"0%"},0,null,{"v":0,"d":"0%"},0,null,{"v":0,"d":"0%"},0,null,{"v":0,"d":"0%"},0,0,{"v":0,"d":"0%"},0,{"v":3,"d":"3.00"},{"v":1,"d":"100%"},{"v":478.53,"d":"R$ 478.53"}]
[" 7.6.9 "," 90830 ","SINAPI","FECHADURA DE EMBUTIR COM CILINDRO, EXTERNA, COMPLETA, ACABAMENTO PADRÃO MÉDIO, INCLUSO EXECUÇÃO DE FURO - FORNECIMENTO E INSTALAÇÃO. AF_12/2019","UN",4,144.81,{"v":180.95,"d":"R$ 180.95"},{"v":723.8,"d":"R$ 723.80"},{"v":0.0035546568017655613,"d":"0.36 %"},null,{"v":0,"d":"0%"},0,null,{"v":0,"d":"0%"},0,null,{"v":0,"d":"0%"},0,null,{"v":0,"d":"0%"},0,null,{"v":0,"d":"0%"},0,0,{"v":0,"d":"0%"},0,{"v":4,"d":"4.00"},{"v":1,"d":"100%"},{"v":723.8,"d":"R$ 723.80"}]
[" 7.6.10 "," 100702 ","SINAPI","PORTA DE CORRER DE ALUMÍNIO, COM DUAS FOLHAS PARA VIDRO, INCLUSO VIDRO LISO INCOLOR, FECHADURA E PUXADOR, SEM ALIZAR. AF_12/2019","m²",11.55,{"v":384.9,"d":"384.90"},{"v":480.97,"d":"R$ 480.97"},{"v":5555.2,"d":"R$ 5,555.20"},{"v":0.027282162842177462,"d":"2.73 %"},null,{"v":0,"d":"0%"},0,null,{"v":0,"d":"0%"},0,null,{"v":0,"d":"0%"},0,null,{"v":0,"d":"0%"},0,null,{"v":0,"d":"0%"},0,0,{"v":0,"d":"0%"},0,11.55,{"v":1,"d":"100%"},{"v":5555.2,"d":"R$ 5,555.20"}]
[" 7.6.11 "," COMP 14 SJ4M ","Próprio","PINTURA ESMALTE ACETINADO EM MADEIRA, DUAS DEMAOS","M²",24.78,16.58,{"v":20.71,"d":"R$ 20.71"},{"v":513.19,"d":"R$ 513.19"},{"v":0.0025203292678890143,"d":"0.25 %"},null,{"v":0,"d":"0%"},0,null,{"v":0,"d":"0%"},0,null,{"v":0,"d":"0%"},0,null,{"v":0,"d":"0%"},0,null,{"v":0,"d":"0%"},0,0,{"v":0,"d":"0%"},0,24.78,{"v":1,"d":"100%"},{"v":513.19,"d":"R$ 513.19"}]
[" 7.6.12 "," 100749 ","SINAPI","PINTURA COM TINTA ALQUÍDICA DE ACABAMENTO (ESMALTE SINTÉTICO FOSCO) PULVERIZADA SOBRE SUPERFÍCIES METÁLICAS (EXCETO PERFIL) EXECUTADO EM OBRA (POR DEMÃO). AF_01/2020_PE","m²",42.82,17.29,{"v":21.6,"d":"R$ 21.60"},{"v":924.91,"d":"R$ 924.91"},{"v":0.004542328851230983,"d":"0.45 %"},null,{"v":0,"d":"0%"},0,null,{"v":0,"d":"0%"},0,null,{"v":0,"d":"0%"},0,null,{"v":0,"d":"0%"},0,null,{"v":0,"d":"0%"},0,0,{"v":0,"d":"0%"},0,42.82,{"v":1,"d":"100%"},{"v":924.91,"d":"R$ 924.91"}]
[" 7.6.13 "," 93186 ","SINAPI","VERGA MOLDADA IN LOCO EM CONCRETO PARA JANELAS COM ATÉ 1,5 M DE VÃO. AF_03/2016","M",0,{"v":69.5,"d":"69.50"},{"v":86.84,"d":"R$ 86.84"},0,{"v":0,"d":"0.00 %"},null,{"v":0,"d":"0%"},0,null,{"v":0,"d":"0%"},0,null,{"v":0,"d":"0%"},0,null,{"v":0,"d":"0%"},0,null,{"v":0,"d":"0%"},0,0,{"v":0,"d":"0%"},0,0,{"v":0,"d":"0%"},0]
[]
[]
["TOTAL DA PLANILHA",{"$nulls":7},{"v":203620.21999999997,"d":"203,620.22"},{"$nulls":3},{"v":16955.739999999998,"d":"16,955.74"},null,null,{"v":17580.1,"d":"17,580.10"},null,null,{"v":18557.809999999998,"d":"18,557.81"},null,null,{"v":9176.169999999998,"d":"9,176.17"},null,null,{"v":26749.659999999996,"d":"26,749.66"},null,null,{"v":89019.48,"d":"89,019.48"},null,null,{"v":114600.73999999999,"d":"114,600.74"}]
["%",{"$nulls":7},{"v":1,"d":"100.00%"},{"$nulls":3},{"v":0.08327139613148439,"d":"8.33%"},null,null,{"v":0.08633769278905602,"d":"8.63%"},null,null,{"v":0.09113932791154042,"d":"9.11%"},null,null,{"v":0.045065121725141044,"d":"4.51%"},null,null,{"v":0.13137035211925416,"d":"13.14%"},null,null,{"v":0.43718389067647606,"d":"43.72%"},null,null,{"v":0.562816109323524,"d":"56.28%"}]
[]
[]
["SÃO JOSÉ DOS QUATRO MARCOS - MT, 28 de Julho de 2025."]
[]
[]
[]
["VALOR DA MEDIÇÃO R$ 26.749,66 (Vinte e seis mil, setecentos e quarenta e nove reais e sessenta e seis centavos).",{"$nulls":26},"Luiz Guilherme Cadore Silva"]
[{"$nulls":27},"Engenheiro Civil / Fiscal de Obras"]
[{"$nulls":27},"CREA-MT 041303"]

{"sheet":"QCI","index":1,"n_rows":29,"n_cols":10,"rows_kept":29,"merged":[[0,0,0,5],[1,0,1,5],[2,1,2,2],[2,3,2,4],[3,1,3,2],[3,3,5,4],[4,1,4,2],[5,1,5,2],[6,0,6,5],[7,0,8,0],[7,1,8,2],[7,3,7,5],[9,1,9,2],[10,1,10,2],[11,1,11,2],[12,1,12,2],[13,1,13,2],[14,1,14,2],[15,1,15,2],[16,1,16,2],[17,0,17,2],[26,2,26,3],[27,2,27,3],[27,7,27,10],[28,2,28,3],[28,7,29,7],[28,8,28,10]],"flags":["formulas_cached_only"]}
["ESTADO DE MATO GROSSO"]
["PREFEITURA MUNICIPAL DE SÃO JOSÉ DOS QUATRO MARCOS"]
["OBRA:","CONSTRUÇÃO DA BIBLIOTECA MUNICIPAL",null,"REFERENCIA:",null,"BDI NÃO DES"]
["LOCAL:","BAIRRO SANTA ROSA",null,"SINAPI - 01/2024 NÃO DESONERADO",null,{"v":0.2296,"d":"22.96%"}]
["PROPR.:","PREFEITURA MUNICIPAL DE SÃO JOSÉ DOS QUATRO MARCOS"]
["ÁREA (m²):"]
["QCI - 5ª MEDIÇÃO"]
["ITEM","DESCRIÇÃO",null,"INVESTIMENTO"]
[{"$nulls":3},"CONVÊNIO+APLIC. FINANC.","CONTRA P.","TOTAL"]
["1.0","SERVIÇOS PRELIMINARES",null,0,0,0]
["2.0","ADIMINISTRAÇÃO LOCAL",null,{"v":589.1375577829182,"d":"R$ 589.14"},{"v":55.03244221708179,"d":"R$ 55.03"},{"v":644.17,"d":"R$ 644.17"}]
["3.0","ESTRUTURAL",null,0,0,0]
["4.0","ELÉTRICO",null,{"v":8068.094214836858,"d":"R$ 8,068.09"},{"v":753.6557851631421,"d":"R$ 753.66"},{"v":8821.75,"d":"R$ 8,821.75"}]
["5.0","INSTALAÇÃO DE ÁGUA FRIA",null,0,0,0]
["6.0","INSTALAÇÃO DE REDE DE ESGOTO",null,0,0,0]
["7.0","ARQUITETÔNICO",null,{"v":15807.16328446673,"d":"R$ 15,807.16"},{"v":1476.5767155332678,"d":"R$ 1,476.58"},{"v":17283.739999999998,"d":"R$ 17,283.74"}]
[{"$nulls":9},{"v":444601.55,"d":"R$ 444,601.55"}]
["TOTAL",null,null,{"v":24464.395057086505,"d":"R$ 24,464.40"},{"v":2285.2649429134917,"d":"R$ 2,285.26"},{"v":26749.659999999996,"d":"R$ 26,749.66"},{"$nulls":3},{"v":37983,"d":"R$ 37,983.00"}]
[]
[]
[]
[{"$nulls":9},0.08543155101461072]
[]
[]
[]
[]
[null,null,"LUIZ GUILHERME CADORE SILVA"]
[null,null,"Engenheiro Civil"]
[null,null,"CREA MT041303"]